<?xml version="1.0" encoding="UTF-8"?>
<record
    xmlns:xsi="http://www.w3.org/2001/XMLSchema-instance"
    xsi:schemaLocation="http://www.loc.gov/MARC21/slim http://www.loc.gov/standards/marcxml/schema/MARC21slim.xsd"
    xmlns="http://www.loc.gov/MARC21/slim">

  <leader>01643nas a2200313 i 4500</leader>
  <controlfield tag="001">46665</controlfield>
  <controlfield tag="003">DR-UNIBE</controlfield>
  <controlfield tag="005">20251217113416.0</controlfield>
  <controlfield tag="007">ta</controlfield>
  <controlfield tag="008">251111e1981    dr w||||r||||||0| |0spa d</controlfield>
  <datafield tag="040" ind1=" " ind2=" ">
    <subfield code="c">BIBLIOTECA UNIBE</subfield>
    <subfield code="a">BIBLIOTECA UNIBE</subfield>
    <subfield code="b">spa</subfield>
    <subfield code="d">DO-SdBNP</subfield>
    <subfield code="e">rda</subfield>
  </datafield>
  <datafield tag="041" ind1=" " ind2=" ">
    <subfield code="a">spa</subfield>
  </datafield>
  <datafield tag="110" ind1=" " ind2=" ">
    <subfield code="a">Hoy (Rep&#xFA;blica Dominicana)</subfield>
    <subfield code="9">70838</subfield>
  </datafield>
  <datafield tag="245" ind1="1" ind2="0">
    <subfield code="a">Isla abierta : </subfield>
    <subfield code="b">revista cultural / </subfield>
    <subfield code="c">director: Manuel Rueda.</subfield>
  </datafield>
  <datafield tag="264" ind1=" " ind2=" ">
    <subfield code="a">Santo Domingo, Rep&#xFA;blica Dominicana :</subfield>
    <subfield code="b">Editora Hoy,</subfield>
    <subfield code="c">1981.</subfield>
  </datafield>
  <datafield tag="300" ind1=" " ind2=" ">
    <subfield code="a">volumen : </subfield>
    <subfield code="b">ilustraciones, fotograf&#xED;as ;  </subfield>
    <subfield code="c">35 cm.</subfield>
  </datafield>
  <datafield tag="310" ind1=" " ind2=" ">
    <subfield code="a">Semanal. </subfield>
  </datafield>
  <datafield tag="336" ind1=" " ind2=" ">
    <subfield code="a">texto</subfield>
    <subfield code="b">txt</subfield>
    <subfield code="2">rdacontent</subfield>
  </datafield>
  <datafield tag="337" ind1=" " ind2=" ">
    <subfield code="a">sin mediaci&#xF3;n </subfield>
    <subfield code="b">n </subfield>
    <subfield code="2">rdamedia</subfield>
  </datafield>
  <datafield tag="338" ind1=" " ind2=" ">
    <subfield code="a">volumen </subfield>
    <subfield code="b">nc </subfield>
    <subfield code="2">rdacarrier</subfield>
  </datafield>
  <datafield tag="362" ind1=" " ind2=" ">
    <subfield code="a">A&#xF1;o 1, No. 1, agosto, 1981.</subfield>
  </datafield>
  <datafield tag="500" ind1=" " ind2=" ">
    <subfield code="a">Catalogaci&#xF3;n basada en el Suplemento, A&#xF1;o 1, No. 1, agosto, 1981.</subfield>
  </datafield>
  <datafield tag="500" ind1=" " ind2=" ">
    <subfield code="a">Suplemento Cultural de Hoy. </subfield>
  </datafield>
  <datafield tag="520" ind1=" " ind2=" ">
    <subfield code="a">Isla Abierta, Suplemento cultural de Hoy, al realizar esta primera entrega hace llegar un saludo al pueblo dominicano y a todos los intelectuales que trabajan por el engrandecimiento espiritual del pa&#xED;s. Como primer objeto tenemos el de mostrar, en las diversas secciones de esta publicaci&#xF3;n, una gama de ideas representativa de lo m&#xE1;s entra&#xF1;able de nuestra realidad, o sea de lo que a trav&#xE9;s del tiempo ha caracterizado nuestras obras y acciones, y que hemos empezado a llamar "lo dominicano". </subfield>
  </datafield>
  <datafield tag="650" ind1=" " ind2="4">
    <subfield code="a">Cultura</subfield>
    <subfield code="9">7232</subfield>
    <subfield code="v">Publicaciones peri&#xF3;dicas</subfield>
    <subfield code="z">Rep&#xFA;blica Dominicana</subfield>
  </datafield>
  <datafield tag="650" ind1=" " ind2="4">
    <subfield code="a">Artes</subfield>
    <subfield code="9">5906</subfield>
    <subfield code="v">Publicaciones peri&#xF3;dicas</subfield>
    <subfield code="z">Rep&#xFA;blica Dominicana</subfield>
  </datafield>
  <datafield tag="700" ind1=" " ind2=" ">
    <subfield code="a">Rueda, Manuel,</subfield>
    <subfield code="d">1921-1999</subfield>
    <subfield code="9">22834</subfield>
    <subfield code="e">director</subfield>
  </datafield>
  <datafield tag="942" ind1=" " ind2=" ">
    <subfield code="2">ddc</subfield>
    <subfield code="c">ISSUE</subfield>
  </datafield>
  <datafield tag="952" ind1=" " ind2=" ">
    <subfield code="0">0</subfield>
    <subfield code="1">0</subfield>
    <subfield code="2">ddc</subfield>
    <subfield code="4">0</subfield>
    <subfield code="5">6</subfield>
    <subfield code="7">0</subfield>
    <subfield code="8">SE</subfield>
    <subfield code="a">BNPHU</subfield>
    <subfield code="b">BNPHU</subfield>
    <subfield code="d">2025-11-11</subfield>
    <subfield code="h">A&#xF1;o 1, No. 1, agosto, 1981</subfield>
    <subfield code="l">0</subfield>
    <subfield code="p">2025-12924</subfield>
    <subfield code="r">2025-11-11</subfield>
    <subfield code="t">e.1</subfield>
    <subfield code="w">2025-11-11</subfield>
    <subfield code="y">ISSUE</subfield>
    <subfield code="z">Suplemento Hoy.</subfield>
  </datafield>
  <datafield tag="952" ind1=" " ind2=" ">
    <subfield code="0">0</subfield>
    <subfield code="1">0</subfield>
    <subfield code="2">ddc</subfield>
    <subfield code="4">0</subfield>
    <subfield code="5">6</subfield>
    <subfield code="7">0</subfield>
    <subfield code="8">SE</subfield>
    <subfield code="a">BNPHU</subfield>
    <subfield code="b">BNPHU</subfield>
    <subfield code="d">2025-11-11</subfield>
    <subfield code="h">A&#xF1;o 1, No. 2, agosto, 1981</subfield>
    <subfield code="l">0</subfield>
    <subfield code="p">2025-12925</subfield>
    <subfield code="r">2025-11-11</subfield>
    <subfield code="t">e.1</subfield>
    <subfield code="w">2025-11-11</subfield>
    <subfield code="y">ISSUE</subfield>
    <subfield code="z">Suplemento Hoy.</subfield>
  </datafield>
  <datafield tag="952" ind1=" " ind2=" ">
    <subfield code="0">0</subfield>
    <subfield code="1">0</subfield>
    <subfield code="2">ddc</subfield>
    <subfield code="4">0</subfield>
    <subfield code="5">6</subfield>
    <subfield code="7">0</subfield>
    <subfield code="8">SE</subfield>
    <subfield code="a">BNPHU</subfield>
    <subfield code="b">BNPHU</subfield>
    <subfield code="d">2025-11-11</subfield>
    <subfield code="h">A&#xF1;o 1, No. 3, septiembre, 1981</subfield>
    <subfield code="l">0</subfield>
    <subfield code="p">2025-12926</subfield>
    <subfield code="r">2025-11-11</subfield>
    <subfield code="t">e.1</subfield>
    <subfield code="w">2025-11-11</subfield>
    <subfield code="y">ISSUE</subfield>
    <subfield code="z">Suplemento Hoy.</subfield>
  </datafield>
  <datafield tag="952" ind1=" " ind2=" ">
    <subfield code="0">0</subfield>
    <subfield code="1">0</subfield>
    <subfield code="2">ddc</subfield>
    <subfield code="4">0</subfield>
    <subfield code="5">6</subfield>
    <subfield code="7">0</subfield>
    <subfield code="8">SE</subfield>
    <subfield code="a">BNPHU</subfield>
    <subfield code="b">BNPHU</subfield>
    <subfield code="d">2025-11-11</subfield>
    <subfield code="h">A&#xF1;o 1, No. 4, septiembre, 1981</subfield>
    <subfield code="l">0</subfield>
    <subfield code="p">2025-12927</subfield>
    <subfield code="r">2025-11-11</subfield>
    <subfield code="t">e.1</subfield>
    <subfield code="w">2025-11-11</subfield>
    <subfield code="y">ISSUE</subfield>
    <subfield code="z">M&#xE1;scaras griegas.</subfield>
  </datafield>
  <datafield tag="952" ind1=" " ind2=" ">
    <subfield code="0">0</subfield>
    <subfield code="1">0</subfield>
    <subfield code="2">ddc</subfield>
    <subfield code="4">0</subfield>
    <subfield code="5">6</subfield>
    <subfield code="7">0</subfield>
    <subfield code="8">SE</subfield>
    <subfield code="a">BNPHU</subfield>
    <subfield code="b">BNPHU</subfield>
    <subfield code="d">2025-11-11</subfield>
    <subfield code="h">A&#xF1;o 1, No. 5, septiembre, 1981</subfield>
    <subfield code="l">0</subfield>
    <subfield code="p">2025-12928</subfield>
    <subfield code="r">2025-11-11</subfield>
    <subfield code="t">e.1</subfield>
    <subfield code="w">2025-11-11</subfield>
    <subfield code="y">ISSUE</subfield>
    <subfield code="z">Suplemento Hoy.</subfield>
  </datafield>
  <datafield tag="952" ind1=" " ind2=" ">
    <subfield code="0">0</subfield>
    <subfield code="1">0</subfield>
    <subfield code="2">ddc</subfield>
    <subfield code="4">0</subfield>
    <subfield code="5">6</subfield>
    <subfield code="7">0</subfield>
    <subfield code="8">SE</subfield>
    <subfield code="a">BNPHU</subfield>
    <subfield code="b">BNPHU</subfield>
    <subfield code="d">2025-11-11</subfield>
    <subfield code="h">A&#xF1;o 1, No. 6, septiembre, 1981</subfield>
    <subfield code="l">0</subfield>
    <subfield code="p">2025-12929</subfield>
    <subfield code="r">2025-11-11</subfield>
    <subfield code="t">e.1</subfield>
    <subfield code="w">2025-11-11</subfield>
    <subfield code="y">ISSUE</subfield>
    <subfield code="z">Suplemento Hoy.</subfield>
  </datafield>
  <datafield tag="952" ind1=" " ind2=" ">
    <subfield code="0">0</subfield>
    <subfield code="1">0</subfield>
    <subfield code="2">ddc</subfield>
    <subfield code="4">0</subfield>
    <subfield code="5">6</subfield>
    <subfield code="7">0</subfield>
    <subfield code="8">SE</subfield>
    <subfield code="a">BNPHU</subfield>
    <subfield code="b">BNPHU</subfield>
    <subfield code="d">2025-11-11</subfield>
    <subfield code="h">A&#xF1;o 1, No. 7, octubre, 1981</subfield>
    <subfield code="l">0</subfield>
    <subfield code="p">2025-12930</subfield>
    <subfield code="r">2025-11-11</subfield>
    <subfield code="t">e.1</subfield>
    <subfield code="w">2025-11-11</subfield>
    <subfield code="y">ISSUE</subfield>
    <subfield code="z">Suplemento Hoy.</subfield>
  </datafield>
  <datafield tag="952" ind1=" " ind2=" ">
    <subfield code="0">0</subfield>
    <subfield code="1">0</subfield>
    <subfield code="2">ddc</subfield>
    <subfield code="4">0</subfield>
    <subfield code="5">6</subfield>
    <subfield code="7">0</subfield>
    <subfield code="8">SE</subfield>
    <subfield code="a">BNPHU</subfield>
    <subfield code="b">BNPHU</subfield>
    <subfield code="d">2025-11-11</subfield>
    <subfield code="h">A&#xF1;o 1, No. 8, octubre, 1981</subfield>
    <subfield code="l">0</subfield>
    <subfield code="p">2025-12931</subfield>
    <subfield code="r">2025-11-11</subfield>
    <subfield code="t">e.1</subfield>
    <subfield code="w">2025-11-11</subfield>
    <subfield code="y">ISSUE</subfield>
    <subfield code="z">La rebeli&#xF3;n de las estatuas.</subfield>
  </datafield>
  <datafield tag="952" ind1=" " ind2=" ">
    <subfield code="0">0</subfield>
    <subfield code="1">0</subfield>
    <subfield code="2">ddc</subfield>
    <subfield code="4">0</subfield>
    <subfield code="5">6</subfield>
    <subfield code="7">0</subfield>
    <subfield code="8">SE</subfield>
    <subfield code="a">BNPHU</subfield>
    <subfield code="b">BNPHU</subfield>
    <subfield code="d">2025-11-11</subfield>
    <subfield code="h">A&#xF1;o 1, No. 9, octubre, 1981</subfield>
    <subfield code="l">0</subfield>
    <subfield code="p">2025-12932</subfield>
    <subfield code="r">2025-11-11</subfield>
    <subfield code="t">e.1</subfield>
    <subfield code="w">2025-11-11</subfield>
    <subfield code="y">ISSUE</subfield>
    <subfield code="z">Suplemento Hoy.</subfield>
  </datafield>
  <datafield tag="952" ind1=" " ind2=" ">
    <subfield code="0">0</subfield>
    <subfield code="1">0</subfield>
    <subfield code="2">ddc</subfield>
    <subfield code="4">0</subfield>
    <subfield code="5">6</subfield>
    <subfield code="7">0</subfield>
    <subfield code="8">SE</subfield>
    <subfield code="a">BNPHU</subfield>
    <subfield code="b">BNPHU</subfield>
    <subfield code="d">2025-11-11</subfield>
    <subfield code="h">A&#xF1;o 1, No. 10, octubre, 1981</subfield>
    <subfield code="l">0</subfield>
    <subfield code="p">2025-12933</subfield>
    <subfield code="r">2025-11-11</subfield>
    <subfield code="t">e.1</subfield>
    <subfield code="w">2025-11-11</subfield>
    <subfield code="y">ISSUE</subfield>
    <subfield code="z">Casas Dominicanas: Hostal Nicol&#xE1;s de Ovando.</subfield>
  </datafield>
  <datafield tag="952" ind1=" " ind2=" ">
    <subfield code="0">0</subfield>
    <subfield code="1">0</subfield>
    <subfield code="2">ddc</subfield>
    <subfield code="4">0</subfield>
    <subfield code="5">6</subfield>
    <subfield code="7">0</subfield>
    <subfield code="8">SE</subfield>
    <subfield code="a">BNPHU</subfield>
    <subfield code="b">BNPHU</subfield>
    <subfield code="d">2025-11-11</subfield>
    <subfield code="h">A&#xF1;o 1, No. 11, octubre, 1981</subfield>
    <subfield code="l">0</subfield>
    <subfield code="p">2025-12934</subfield>
    <subfield code="r">2025-11-11</subfield>
    <subfield code="t">e.1</subfield>
    <subfield code="w">2025-11-11</subfield>
    <subfield code="y">ISSUE</subfield>
    <subfield code="z">Suplemento Hoy.</subfield>
  </datafield>
  <datafield tag="952" ind1=" " ind2=" ">
    <subfield code="0">0</subfield>
    <subfield code="1">0</subfield>
    <subfield code="2">ddc</subfield>
    <subfield code="4">0</subfield>
    <subfield code="5">6</subfield>
    <subfield code="7">0</subfield>
    <subfield code="8">SE</subfield>
    <subfield code="a">BNPHU</subfield>
    <subfield code="b">BNPHU</subfield>
    <subfield code="d">2025-11-11</subfield>
    <subfield code="h">A&#xF1;o 1, No. 12, noviembre, 1981</subfield>
    <subfield code="l">0</subfield>
    <subfield code="p">2025-12935</subfield>
    <subfield code="r">2025-11-11</subfield>
    <subfield code="t">e.1</subfield>
    <subfield code="w">2025-11-11</subfield>
    <subfield code="y">ISSUE</subfield>
    <subfield code="z">Suplemento Hoy.</subfield>
  </datafield>
  <datafield tag="952" ind1=" " ind2=" ">
    <subfield code="0">0</subfield>
    <subfield code="1">0</subfield>
    <subfield code="2">ddc</subfield>
    <subfield code="4">0</subfield>
    <subfield code="5">6</subfield>
    <subfield code="7">0</subfield>
    <subfield code="8">SE</subfield>
    <subfield code="a">BNPHU</subfield>
    <subfield code="b">BNPHU</subfield>
    <subfield code="d">2025-11-11</subfield>
    <subfield code="h">A&#xF1;o 1, No. 13, noviembre, 1981</subfield>
    <subfield code="l">0</subfield>
    <subfield code="p">2025-12936</subfield>
    <subfield code="r">2025-11-11</subfield>
    <subfield code="t">e.1</subfield>
    <subfield code="w">2025-11-11</subfield>
    <subfield code="y">ISSUE</subfield>
    <subfield code="z">Suplemento Hoy.</subfield>
  </datafield>
  <datafield tag="952" ind1=" " ind2=" ">
    <subfield code="0">0</subfield>
    <subfield code="1">0</subfield>
    <subfield code="2">ddc</subfield>
    <subfield code="4">0</subfield>
    <subfield code="5">6</subfield>
    <subfield code="7">0</subfield>
    <subfield code="8">SE</subfield>
    <subfield code="a">BNPHU</subfield>
    <subfield code="b">BNPHU</subfield>
    <subfield code="d">2025-11-11</subfield>
    <subfield code="h">A&#xF1;o 1, No. 14, noviembre, 1981</subfield>
    <subfield code="l">0</subfield>
    <subfield code="p">2025-12937</subfield>
    <subfield code="r">2025-11-11</subfield>
    <subfield code="t">e.1</subfield>
    <subfield code="w">2025-11-11</subfield>
    <subfield code="y">ISSUE</subfield>
    <subfield code="z">Suplemento Hoy.</subfield>
  </datafield>
  <datafield tag="952" ind1=" " ind2=" ">
    <subfield code="0">0</subfield>
    <subfield code="1">0</subfield>
    <subfield code="2">ddc</subfield>
    <subfield code="4">0</subfield>
    <subfield code="5">6</subfield>
    <subfield code="7">0</subfield>
    <subfield code="8">SE</subfield>
    <subfield code="a">BNPHU</subfield>
    <subfield code="b">BNPHU</subfield>
    <subfield code="d">2025-11-11</subfield>
    <subfield code="h">A&#xF1;o 1, No. 15, noviembre, 1981</subfield>
    <subfield code="l">0</subfield>
    <subfield code="p">2025-12938</subfield>
    <subfield code="r">2025-11-11</subfield>
    <subfield code="t">e.1</subfield>
    <subfield code="w">2025-11-11</subfield>
    <subfield code="y">ISSUE</subfield>
    <subfield code="z">Octavio Paz: Premio Cervantes 1981.</subfield>
  </datafield>
  <datafield tag="952" ind1=" " ind2=" ">
    <subfield code="0">0</subfield>
    <subfield code="1">0</subfield>
    <subfield code="2">ddc</subfield>
    <subfield code="4">0</subfield>
    <subfield code="5">6</subfield>
    <subfield code="7">0</subfield>
    <subfield code="8">SE</subfield>
    <subfield code="a">BNPHU</subfield>
    <subfield code="b">BNPHU</subfield>
    <subfield code="d">2025-11-11</subfield>
    <subfield code="h">A&#xF1;o 1, No. 16, diciembre, 1981</subfield>
    <subfield code="l">0</subfield>
    <subfield code="p">2025-12939</subfield>
    <subfield code="r">2025-11-11</subfield>
    <subfield code="t">e.1</subfield>
    <subfield code="w">2025-11-11</subfield>
    <subfield code="y">ISSUE</subfield>
    <subfield code="z">Galer&#xED;a de Arte Moderno-Plaza de la Cultura.</subfield>
  </datafield>
  <datafield tag="952" ind1=" " ind2=" ">
    <subfield code="0">0</subfield>
    <subfield code="1">0</subfield>
    <subfield code="2">ddc</subfield>
    <subfield code="4">0</subfield>
    <subfield code="5">6</subfield>
    <subfield code="7">0</subfield>
    <subfield code="8">SE</subfield>
    <subfield code="a">BNPHU</subfield>
    <subfield code="b">BNPHU</subfield>
    <subfield code="d">2025-11-11</subfield>
    <subfield code="h">A&#xF1;o 1, No. 17, diciembre, 1981</subfield>
    <subfield code="l">0</subfield>
    <subfield code="p">2025-12940</subfield>
    <subfield code="r">2025-11-11</subfield>
    <subfield code="t">e.1</subfield>
    <subfield code="w">2025-11-11</subfield>
    <subfield code="y">ISSUE</subfield>
    <subfield code="z">&#xD3;leo de Elsa Nu&#xF1;ez de su exposici&#xF3;n "Las 4 estaciones".</subfield>
  </datafield>
  <datafield tag="952" ind1=" " ind2=" ">
    <subfield code="0">0</subfield>
    <subfield code="1">0</subfield>
    <subfield code="2">ddc</subfield>
    <subfield code="4">0</subfield>
    <subfield code="5">6</subfield>
    <subfield code="7">0</subfield>
    <subfield code="8">SE</subfield>
    <subfield code="a">BNPHU</subfield>
    <subfield code="b">BNPHU</subfield>
    <subfield code="d">2025-11-11</subfield>
    <subfield code="h">A&#xF1;o 1, No. 18, diciembre, 1981</subfield>
    <subfield code="l">0</subfield>
    <subfield code="p">2025-12941</subfield>
    <subfield code="r">2025-11-11</subfield>
    <subfield code="t">e.1</subfield>
    <subfield code="w">2025-11-11</subfield>
    <subfield code="y">ISSUE</subfield>
    <subfield code="z">Retablo navide&#xF1;o de ingenua concepci&#xF3;n y vivos colores hecho por artesanos de El Salvador.</subfield>
  </datafield>
  <datafield tag="952" ind1=" " ind2=" ">
    <subfield code="0">0</subfield>
    <subfield code="1">0</subfield>
    <subfield code="2">ddc</subfield>
    <subfield code="4">0</subfield>
    <subfield code="5">6</subfield>
    <subfield code="7">0</subfield>
    <subfield code="8">SE</subfield>
    <subfield code="a">BNPHU</subfield>
    <subfield code="b">BNPHU</subfield>
    <subfield code="d">2025-11-11</subfield>
    <subfield code="h">A&#xF1;o 1, No. 19, diciembre, 1981</subfield>
    <subfield code="l">0</subfield>
    <subfield code="p">2025-12942</subfield>
    <subfield code="r">2025-11-11</subfield>
    <subfield code="t">e.1</subfield>
    <subfield code="w">2025-11-11</subfield>
    <subfield code="y">ISSUE</subfield>
    <subfield code="z">Flor de Pascua, acuarela de Cuquito Pe&#xF1;a.</subfield>
  </datafield>
  <datafield tag="952" ind1=" " ind2=" ">
    <subfield code="0">0</subfield>
    <subfield code="1">0</subfield>
    <subfield code="2">ddc</subfield>
    <subfield code="4">0</subfield>
    <subfield code="5">6</subfield>
    <subfield code="7">0</subfield>
    <subfield code="8">SE</subfield>
    <subfield code="a">BNPHU</subfield>
    <subfield code="b">BNPHU</subfield>
    <subfield code="d">2025-11-11</subfield>
    <subfield code="h">A&#xF1;o 1, No. 20, enero, 1982</subfield>
    <subfield code="l">0</subfield>
    <subfield code="p">2025-12943</subfield>
    <subfield code="r">2025-11-11</subfield>
    <subfield code="t">e.1</subfield>
    <subfield code="w">2025-11-11</subfield>
    <subfield code="y">ISSUE</subfield>
    <subfield code="z">Puerta principal de la Catedral.</subfield>
  </datafield>
  <datafield tag="952" ind1=" " ind2=" ">
    <subfield code="0">0</subfield>
    <subfield code="1">0</subfield>
    <subfield code="2">ddc</subfield>
    <subfield code="4">0</subfield>
    <subfield code="5">6</subfield>
    <subfield code="7">0</subfield>
    <subfield code="8">SE</subfield>
    <subfield code="a">BNPHU</subfield>
    <subfield code="b">BNPHU</subfield>
    <subfield code="d">2025-11-11</subfield>
    <subfield code="h">A&#xF1;o 1, No. 21, enero, 1982</subfield>
    <subfield code="l">0</subfield>
    <subfield code="p">2025-12944</subfield>
    <subfield code="r">2025-11-11</subfield>
    <subfield code="t">e.1</subfield>
    <subfield code="w">2025-11-11</subfield>
    <subfield code="y">ISSUE</subfield>
    <subfield code="z">Palma Real, Obra de Ada B&#xE1;lcacer.</subfield>
  </datafield>
  <datafield tag="952" ind1=" " ind2=" ">
    <subfield code="0">0</subfield>
    <subfield code="1">0</subfield>
    <subfield code="2">ddc</subfield>
    <subfield code="4">0</subfield>
    <subfield code="5">6</subfield>
    <subfield code="7">0</subfield>
    <subfield code="8">SE</subfield>
    <subfield code="a">BNPHU</subfield>
    <subfield code="b">BNPHU</subfield>
    <subfield code="d">2025-11-11</subfield>
    <subfield code="h">A&#xF1;o 1, No. 22, enero, 1982</subfield>
    <subfield code="l">0</subfield>
    <subfield code="p">2025-12945</subfield>
    <subfield code="r">2025-11-11</subfield>
    <subfield code="t">e.1</subfield>
    <subfield code="w">2025-11-11</subfield>
    <subfield code="y">ISSUE</subfield>
    <subfield code="z">Marina. &#xD3;leo de Guillo P&#xE9;rez.</subfield>
  </datafield>
  <datafield tag="952" ind1=" " ind2=" ">
    <subfield code="0">0</subfield>
    <subfield code="1">0</subfield>
    <subfield code="2">ddc</subfield>
    <subfield code="4">0</subfield>
    <subfield code="5">6</subfield>
    <subfield code="7">0</subfield>
    <subfield code="8">SE</subfield>
    <subfield code="a">BNPHU</subfield>
    <subfield code="b">BNPHU</subfield>
    <subfield code="d">2025-11-11</subfield>
    <subfield code="h">A&#xF1;o 1, No. 23, enero, 1982</subfield>
    <subfield code="l">0</subfield>
    <subfield code="p">2025-12946</subfield>
    <subfield code="r">2025-11-11</subfield>
    <subfield code="t">e.1</subfield>
    <subfield code="w">2025-11-11</subfield>
    <subfield code="y">ISSUE</subfield>
    <subfield code="z">Flor del Sol.</subfield>
  </datafield>
  <datafield tag="952" ind1=" " ind2=" ">
    <subfield code="0">0</subfield>
    <subfield code="1">0</subfield>
    <subfield code="2">ddc</subfield>
    <subfield code="4">0</subfield>
    <subfield code="5">6</subfield>
    <subfield code="7">0</subfield>
    <subfield code="8">SE</subfield>
    <subfield code="a">BNPHU</subfield>
    <subfield code="b">BNPHU</subfield>
    <subfield code="d">2025-11-11</subfield>
    <subfield code="h">A&#xF1;o 1, No. 24, enero, 1982</subfield>
    <subfield code="l">0</subfield>
    <subfield code="p">2025-12947</subfield>
    <subfield code="r">2025-11-11</subfield>
    <subfield code="t">e.1</subfield>
    <subfield code="w">2025-11-11</subfield>
    <subfield code="y">ISSUE</subfield>
    <subfield code="z">Sol Duartiano.</subfield>
  </datafield>
  <datafield tag="952" ind1=" " ind2=" ">
    <subfield code="0">0</subfield>
    <subfield code="1">0</subfield>
    <subfield code="2">ddc</subfield>
    <subfield code="4">0</subfield>
    <subfield code="5">6</subfield>
    <subfield code="7">0</subfield>
    <subfield code="8">SE</subfield>
    <subfield code="a">BNPHU</subfield>
    <subfield code="b">BNPHU</subfield>
    <subfield code="d">2025-11-11</subfield>
    <subfield code="h">A&#xF1;o 1, No. 25, febrero, 1982</subfield>
    <subfield code="l">0</subfield>
    <subfield code="p">2025-12948</subfield>
    <subfield code="r">2025-11-11</subfield>
    <subfield code="t">e.1</subfield>
    <subfield code="w">2025-11-11</subfield>
    <subfield code="y">ISSUE</subfield>
    <subfield code="z">Muchacha tropical. Batik por Wolfgang Henning.</subfield>
  </datafield>
  <datafield tag="952" ind1=" " ind2=" ">
    <subfield code="0">0</subfield>
    <subfield code="1">0</subfield>
    <subfield code="2">ddc</subfield>
    <subfield code="4">0</subfield>
    <subfield code="5">6</subfield>
    <subfield code="7">0</subfield>
    <subfield code="8">SE</subfield>
    <subfield code="a">BNPHU</subfield>
    <subfield code="b">BNPHU</subfield>
    <subfield code="d">2025-11-12</subfield>
    <subfield code="h">A&#xF1;o 1, No. 26, febrero, 1982</subfield>
    <subfield code="l">0</subfield>
    <subfield code="p">2025-12949</subfield>
    <subfield code="r">2025-11-12</subfield>
    <subfield code="t">e.1</subfield>
    <subfield code="w">2025-11-12</subfield>
    <subfield code="y">ISSUE</subfield>
    <subfield code="z">Arte Dominicano: Muestra de Fernando Ure&#xF1;a Rib. </subfield>
  </datafield>
  <datafield tag="952" ind1=" " ind2=" ">
    <subfield code="0">0</subfield>
    <subfield code="1">0</subfield>
    <subfield code="2">ddc</subfield>
    <subfield code="4">0</subfield>
    <subfield code="5">6</subfield>
    <subfield code="7">0</subfield>
    <subfield code="8">SE</subfield>
    <subfield code="a">BNPHU</subfield>
    <subfield code="b">BNPHU</subfield>
    <subfield code="d">2025-11-12</subfield>
    <subfield code="h">A&#xF1;o 1, No. 27, febrero, 1982</subfield>
    <subfield code="l">0</subfield>
    <subfield code="p">2025-12950</subfield>
    <subfield code="r">2025-11-12</subfield>
    <subfield code="t">e.1</subfield>
    <subfield code="w">2025-11-12</subfield>
    <subfield code="y">ISSUE</subfield>
    <subfield code="z">Arte Dominicano: Muestra de Amable Sterling.</subfield>
  </datafield>
  <datafield tag="952" ind1=" " ind2=" ">
    <subfield code="0">0</subfield>
    <subfield code="1">0</subfield>
    <subfield code="2">ddc</subfield>
    <subfield code="4">0</subfield>
    <subfield code="5">6</subfield>
    <subfield code="7">0</subfield>
    <subfield code="8">SE</subfield>
    <subfield code="a">BNPHU</subfield>
    <subfield code="b">BNPHU</subfield>
    <subfield code="d">2025-11-12</subfield>
    <subfield code="h">A&#xF1;o 1, No. 28, febrero, 1982</subfield>
    <subfield code="l">0</subfield>
    <subfield code="p">2025-12951</subfield>
    <subfield code="r">2025-11-12</subfield>
    <subfield code="t">e.1</subfield>
    <subfield code="w">2025-11-12</subfield>
    <subfield code="y">ISSUE</subfield>
    <subfield code="z">Suplemento Hoy.</subfield>
  </datafield>
  <datafield tag="952" ind1=" " ind2=" ">
    <subfield code="0">0</subfield>
    <subfield code="1">0</subfield>
    <subfield code="2">ddc</subfield>
    <subfield code="4">0</subfield>
    <subfield code="5">6</subfield>
    <subfield code="7">0</subfield>
    <subfield code="8">SE</subfield>
    <subfield code="a">BNPHU</subfield>
    <subfield code="b">BNPHU</subfield>
    <subfield code="d">2025-11-12</subfield>
    <subfield code="h">A&#xF1;o 1, No. 29, marzo, 1982</subfield>
    <subfield code="l">0</subfield>
    <subfield code="p">2025-12952</subfield>
    <subfield code="r">2025-11-12</subfield>
    <subfield code="t">e.1</subfield>
    <subfield code="w">2025-11-12</subfield>
    <subfield code="y">ISSUE</subfield>
    <subfield code="z">Arte Dominicano: Domingo Liz.</subfield>
  </datafield>
  <datafield tag="952" ind1=" " ind2=" ">
    <subfield code="0">0</subfield>
    <subfield code="1">0</subfield>
    <subfield code="2">ddc</subfield>
    <subfield code="4">0</subfield>
    <subfield code="5">6</subfield>
    <subfield code="7">0</subfield>
    <subfield code="8">SE</subfield>
    <subfield code="a">BNPHU</subfield>
    <subfield code="b">BNPHU</subfield>
    <subfield code="d">2025-11-12</subfield>
    <subfield code="h">A&#xF1;o 1, No. 30, marzo, 1982</subfield>
    <subfield code="l">0</subfield>
    <subfield code="p">2025-12953</subfield>
    <subfield code="r">2025-11-12</subfield>
    <subfield code="t">e.1</subfield>
    <subfield code="w">2025-11-12</subfield>
    <subfield code="y">ISSUE</subfield>
    <subfield code="z">Arte Dominicano: Silvano Lora.</subfield>
  </datafield>
  <datafield tag="952" ind1=" " ind2=" ">
    <subfield code="0">0</subfield>
    <subfield code="1">0</subfield>
    <subfield code="2">ddc</subfield>
    <subfield code="4">0</subfield>
    <subfield code="5">6</subfield>
    <subfield code="7">0</subfield>
    <subfield code="8">SE</subfield>
    <subfield code="a">BNPHU</subfield>
    <subfield code="b">BNPHU</subfield>
    <subfield code="d">2025-11-12</subfield>
    <subfield code="h">A&#xF1;o 1, No. 31, marzo, 1982</subfield>
    <subfield code="l">0</subfield>
    <subfield code="p">2025-12954</subfield>
    <subfield code="r">2025-11-12</subfield>
    <subfield code="t">e.1</subfield>
    <subfield code="w">2025-11-12</subfield>
    <subfield code="y">ISSUE</subfield>
    <subfield code="z">Arte Dominicano: Muestra de Adolfo Piantini.</subfield>
  </datafield>
  <datafield tag="952" ind1=" " ind2=" ">
    <subfield code="0">0</subfield>
    <subfield code="1">0</subfield>
    <subfield code="2">ddc</subfield>
    <subfield code="4">0</subfield>
    <subfield code="5">6</subfield>
    <subfield code="7">0</subfield>
    <subfield code="8">SE</subfield>
    <subfield code="a">BNPHU</subfield>
    <subfield code="b">BNPHU</subfield>
    <subfield code="d">2025-11-12</subfield>
    <subfield code="h">A&#xF1;o 1, No. 32, marzo, 1982</subfield>
    <subfield code="l">0</subfield>
    <subfield code="p">2025-12955</subfield>
    <subfield code="r">2025-11-12</subfield>
    <subfield code="t">e.1</subfield>
    <subfield code="w">2025-11-12</subfield>
    <subfield code="y">ISSUE</subfield>
    <subfield code="z">Arte Dominicano: Muestra de Guillo P&#xE9;rez.</subfield>
  </datafield>
  <datafield tag="952" ind1=" " ind2=" ">
    <subfield code="0">0</subfield>
    <subfield code="1">0</subfield>
    <subfield code="2">ddc</subfield>
    <subfield code="4">0</subfield>
    <subfield code="5">6</subfield>
    <subfield code="7">0</subfield>
    <subfield code="8">SE</subfield>
    <subfield code="a">BNPHU</subfield>
    <subfield code="b">BNPHU</subfield>
    <subfield code="d">2025-11-12</subfield>
    <subfield code="h">A&#xF1;o 1, No. 33, abril, 1982</subfield>
    <subfield code="l">0</subfield>
    <subfield code="p">2025-12956</subfield>
    <subfield code="r">2025-11-12</subfield>
    <subfield code="t">e.1</subfield>
    <subfield code="w">2025-11-12</subfield>
    <subfield code="y">ISSUE</subfield>
    <subfield code="z">Arte Dominicano: Muestra de Cuquito Pe&#xF1;a.</subfield>
  </datafield>
  <datafield tag="952" ind1=" " ind2=" ">
    <subfield code="0">0</subfield>
    <subfield code="1">0</subfield>
    <subfield code="2">ddc</subfield>
    <subfield code="4">0</subfield>
    <subfield code="5">6</subfield>
    <subfield code="7">0</subfield>
    <subfield code="8">SE</subfield>
    <subfield code="a">BNPHU</subfield>
    <subfield code="b">BNPHU</subfield>
    <subfield code="d">2025-11-12</subfield>
    <subfield code="h">A&#xF1;o 1, No. 34, abril, 1982</subfield>
    <subfield code="l">0</subfield>
    <subfield code="p">2025-12957</subfield>
    <subfield code="r">2025-11-12</subfield>
    <subfield code="t">e.1</subfield>
    <subfield code="w">2025-11-12</subfield>
    <subfield code="y">ISSUE</subfield>
    <subfield code="z">El Nazareno, que se venera en la Iglesia del Carmen.</subfield>
  </datafield>
  <datafield tag="952" ind1=" " ind2=" ">
    <subfield code="0">0</subfield>
    <subfield code="1">0</subfield>
    <subfield code="2">ddc</subfield>
    <subfield code="4">0</subfield>
    <subfield code="5">6</subfield>
    <subfield code="7">0</subfield>
    <subfield code="8">SE</subfield>
    <subfield code="a">BNPHU</subfield>
    <subfield code="b">BNPHU</subfield>
    <subfield code="d">2025-11-12</subfield>
    <subfield code="h">A&#xF1;o 1, No. 35, abril, 1982</subfield>
    <subfield code="l">0</subfield>
    <subfield code="p">2025-12958</subfield>
    <subfield code="r">2025-11-12</subfield>
    <subfield code="t">e.1</subfield>
    <subfield code="w">2025-11-12</subfield>
    <subfield code="y">ISSUE</subfield>
    <subfield code="z">Arte Dominicano: Carlos Sangiovanni.</subfield>
  </datafield>
  <datafield tag="952" ind1=" " ind2=" ">
    <subfield code="0">0</subfield>
    <subfield code="1">0</subfield>
    <subfield code="2">ddc</subfield>
    <subfield code="4">0</subfield>
    <subfield code="5">6</subfield>
    <subfield code="7">0</subfield>
    <subfield code="8">SE</subfield>
    <subfield code="a">BNPHU</subfield>
    <subfield code="b">BNPHU</subfield>
    <subfield code="d">2025-11-12</subfield>
    <subfield code="h">A&#xF1;o 1, No. 36, abril, 1982</subfield>
    <subfield code="l">0</subfield>
    <subfield code="p">2025-12959</subfield>
    <subfield code="r">2025-11-12</subfield>
    <subfield code="t">e.1</subfield>
    <subfield code="w">2025-11-12</subfield>
    <subfield code="y">ISSUE</subfield>
    <subfield code="z">Arte Dominicano: Muestra de Fernando Pe&#xF1;a Defill&#xF3;.</subfield>
  </datafield>
  <datafield tag="952" ind1=" " ind2=" ">
    <subfield code="0">0</subfield>
    <subfield code="1">0</subfield>
    <subfield code="2">ddc</subfield>
    <subfield code="4">0</subfield>
    <subfield code="5">6</subfield>
    <subfield code="7">0</subfield>
    <subfield code="8">SE</subfield>
    <subfield code="a">BNPHU</subfield>
    <subfield code="b">BNPHU</subfield>
    <subfield code="d">2025-11-12</subfield>
    <subfield code="h">A&#xF1;o 1, No. 37, mayo, 1982</subfield>
    <subfield code="l">0</subfield>
    <subfield code="p">2025-12960</subfield>
    <subfield code="r">2025-11-12</subfield>
    <subfield code="t">e.1</subfield>
    <subfield code="w">2025-11-12</subfield>
    <subfield code="y">ISSUE</subfield>
    <subfield code="z">Arte Dominicano: Muestra de Mart&#xED;n L&#xF3;pez.</subfield>
  </datafield>
  <datafield tag="952" ind1=" " ind2=" ">
    <subfield code="0">0</subfield>
    <subfield code="1">0</subfield>
    <subfield code="2">ddc</subfield>
    <subfield code="4">0</subfield>
    <subfield code="5">6</subfield>
    <subfield code="7">0</subfield>
    <subfield code="8">SE</subfield>
    <subfield code="a">BNPHU</subfield>
    <subfield code="b">BNPHU</subfield>
    <subfield code="d">2025-11-12</subfield>
    <subfield code="h">A&#xF1;o 1, No. 38, mayo, 1982</subfield>
    <subfield code="l">0</subfield>
    <subfield code="p">2025-12961</subfield>
    <subfield code="r">2025-11-12</subfield>
    <subfield code="t">e.1</subfield>
    <subfield code="w">2025-11-12</subfield>
    <subfield code="y">ISSUE</subfield>
    <subfield code="z">Arte Dominicano: Muestra de Dionisio Blanco.</subfield>
  </datafield>
  <datafield tag="952" ind1=" " ind2=" ">
    <subfield code="0">0</subfield>
    <subfield code="1">0</subfield>
    <subfield code="2">ddc</subfield>
    <subfield code="4">0</subfield>
    <subfield code="5">6</subfield>
    <subfield code="7">0</subfield>
    <subfield code="8">SE</subfield>
    <subfield code="a">BNPHU</subfield>
    <subfield code="b">BNPHU</subfield>
    <subfield code="d">2025-11-12</subfield>
    <subfield code="h">A&#xF1;o 1, No. 39, mayo, 1982</subfield>
    <subfield code="l">0</subfield>
    <subfield code="p">2025-12962</subfield>
    <subfield code="r">2025-11-12</subfield>
    <subfield code="t">e.1</subfield>
    <subfield code="w">2025-11-12</subfield>
    <subfield code="y">ISSUE</subfield>
    <subfield code="z">Arte Dominicano: Orlando Menicucci.</subfield>
  </datafield>
  <datafield tag="952" ind1=" " ind2=" ">
    <subfield code="0">0</subfield>
    <subfield code="1">0</subfield>
    <subfield code="2">ddc</subfield>
    <subfield code="4">0</subfield>
    <subfield code="5">6</subfield>
    <subfield code="7">0</subfield>
    <subfield code="8">SE</subfield>
    <subfield code="a">BNPHU</subfield>
    <subfield code="b">BNPHU</subfield>
    <subfield code="d">2025-11-12</subfield>
    <subfield code="h">A&#xF1;o 1, No. 40, mayo, 1982</subfield>
    <subfield code="l">0</subfield>
    <subfield code="p">2025-12963</subfield>
    <subfield code="r">2025-11-12</subfield>
    <subfield code="t">e.1</subfield>
    <subfield code="w">2025-11-12</subfield>
    <subfield code="y">ISSUE</subfield>
    <subfield code="z">Entrevista exclusiva: Salvador Dal&#xED;, entre el genio y la locura.</subfield>
  </datafield>
  <datafield tag="952" ind1=" " ind2=" ">
    <subfield code="0">0</subfield>
    <subfield code="1">0</subfield>
    <subfield code="2">ddc</subfield>
    <subfield code="4">0</subfield>
    <subfield code="5">6</subfield>
    <subfield code="7">0</subfield>
    <subfield code="8">SE</subfield>
    <subfield code="a">BNPHU</subfield>
    <subfield code="b">BNPHU</subfield>
    <subfield code="d">2025-11-12</subfield>
    <subfield code="h">A&#xF1;o 1, No. 41, mayo, 1981</subfield>
    <subfield code="l">0</subfield>
    <subfield code="p">2025-12964</subfield>
    <subfield code="r">2025-11-12</subfield>
    <subfield code="t">e.1</subfield>
    <subfield code="w">2025-11-12</subfield>
    <subfield code="y">ISSUE</subfield>
    <subfield code="z">Arte Dominicano: C&#xE1;ndido Bid&#xF3;.</subfield>
  </datafield>
  <datafield tag="952" ind1=" " ind2=" ">
    <subfield code="0">0</subfield>
    <subfield code="1">0</subfield>
    <subfield code="2">ddc</subfield>
    <subfield code="4">0</subfield>
    <subfield code="5">6</subfield>
    <subfield code="7">0</subfield>
    <subfield code="8">SE</subfield>
    <subfield code="a">BNPHU</subfield>
    <subfield code="b">BNPHU</subfield>
    <subfield code="d">2025-11-12</subfield>
    <subfield code="h">A&#xF1;o 1, No. 42, junio, 1982</subfield>
    <subfield code="l">0</subfield>
    <subfield code="p">2025-12965</subfield>
    <subfield code="r">2025-11-12</subfield>
    <subfield code="t">e.1</subfield>
    <subfield code="w">2025-11-12</subfield>
    <subfield code="y">ISSUE</subfield>
    <subfield code="z">Arte Dominicano: Muestra de Luichy Mart&#xED;nez.</subfield>
  </datafield>
  <datafield tag="952" ind1=" " ind2=" ">
    <subfield code="0">0</subfield>
    <subfield code="1">0</subfield>
    <subfield code="2">ddc</subfield>
    <subfield code="4">0</subfield>
    <subfield code="5">6</subfield>
    <subfield code="7">0</subfield>
    <subfield code="8">SE</subfield>
    <subfield code="a">BNPHU</subfield>
    <subfield code="b">BNPHU</subfield>
    <subfield code="d">2025-11-12</subfield>
    <subfield code="h">A&#xF1;o 1, No. 43, junio, 1982</subfield>
    <subfield code="l">0</subfield>
    <subfield code="p">2025-12966</subfield>
    <subfield code="r">2025-11-12</subfield>
    <subfield code="t">e.1</subfield>
    <subfield code="w">2025-11-12</subfield>
    <subfield code="y">ISSUE</subfield>
    <subfield code="z">Arte Dominicano: Muestra de Ram&#xF3;n Oviedo.</subfield>
  </datafield>
  <datafield tag="952" ind1=" " ind2=" ">
    <subfield code="0">0</subfield>
    <subfield code="1">0</subfield>
    <subfield code="2">ddc</subfield>
    <subfield code="4">0</subfield>
    <subfield code="5">6</subfield>
    <subfield code="7">0</subfield>
    <subfield code="8">SE</subfield>
    <subfield code="a">BNPHU</subfield>
    <subfield code="b">BNPHU</subfield>
    <subfield code="d">2025-11-12</subfield>
    <subfield code="h">A&#xF1;o 1, No. 44, junio, 1982</subfield>
    <subfield code="l">0</subfield>
    <subfield code="p">2025-12967</subfield>
    <subfield code="r">2025-11-12</subfield>
    <subfield code="t">e.1</subfield>
    <subfield code="w">2025-11-12</subfield>
    <subfield code="y">ISSUE</subfield>
    <subfield code="z">Casa de Bastidas.</subfield>
  </datafield>
  <datafield tag="952" ind1=" " ind2=" ">
    <subfield code="0">0</subfield>
    <subfield code="1">0</subfield>
    <subfield code="2">ddc</subfield>
    <subfield code="4">0</subfield>
    <subfield code="5">6</subfield>
    <subfield code="7">0</subfield>
    <subfield code="8">SE</subfield>
    <subfield code="a">BNPHU</subfield>
    <subfield code="b">BNPHU</subfield>
    <subfield code="d">2025-11-12</subfield>
    <subfield code="h">A&#xF1;o 1, No. 45, junio, 1982</subfield>
    <subfield code="l">0</subfield>
    <subfield code="p">2025-12968</subfield>
    <subfield code="r">2025-11-12</subfield>
    <subfield code="t">e.1</subfield>
    <subfield code="w">2025-11-12</subfield>
    <subfield code="y">ISSUE</subfield>
    <subfield code="z">Arte Dominicano: Muestra de Alberto Ulloa. </subfield>
  </datafield>
  <datafield tag="952" ind1=" " ind2=" ">
    <subfield code="0">0</subfield>
    <subfield code="1">0</subfield>
    <subfield code="2">ddc</subfield>
    <subfield code="4">0</subfield>
    <subfield code="5">6</subfield>
    <subfield code="7">0</subfield>
    <subfield code="8">SE</subfield>
    <subfield code="a">BNPHU</subfield>
    <subfield code="b">BNPHU</subfield>
    <subfield code="d">2025-11-12</subfield>
    <subfield code="h">A&#xF1;o 1, No. 46, julio, 1982</subfield>
    <subfield code="l">0</subfield>
    <subfield code="p">2025-12970</subfield>
    <subfield code="r">2025-11-12</subfield>
    <subfield code="t">e.1</subfield>
    <subfield code="w">2025-11-12</subfield>
    <subfield code="y">ISSUE</subfield>
    <subfield code="z">Arte Dominicano: Muestra de Onorio Mont&#xE1;s.</subfield>
  </datafield>
  <datafield tag="952" ind1=" " ind2=" ">
    <subfield code="0">0</subfield>
    <subfield code="1">0</subfield>
    <subfield code="2">ddc</subfield>
    <subfield code="4">0</subfield>
    <subfield code="5">6</subfield>
    <subfield code="7">0</subfield>
    <subfield code="8">SE</subfield>
    <subfield code="a">BNPHU</subfield>
    <subfield code="b">BNPHU</subfield>
    <subfield code="d">2025-11-12</subfield>
    <subfield code="h">A&#xF1;o 1, No. 47, julio, 1982</subfield>
    <subfield code="l">0</subfield>
    <subfield code="p">2025-12971</subfield>
    <subfield code="r">2025-11-12</subfield>
    <subfield code="t">e.1</subfield>
    <subfield code="w">2025-11-12</subfield>
    <subfield code="y">ISSUE</subfield>
    <subfield code="z">Arte Dominicano: Antonio Prats-Vent&#xF3;s.</subfield>
  </datafield>
  <datafield tag="952" ind1=" " ind2=" ">
    <subfield code="0">0</subfield>
    <subfield code="1">0</subfield>
    <subfield code="2">ddc</subfield>
    <subfield code="4">0</subfield>
    <subfield code="5">6</subfield>
    <subfield code="7">0</subfield>
    <subfield code="8">SE</subfield>
    <subfield code="a">BNPHU</subfield>
    <subfield code="b">BNPHU</subfield>
    <subfield code="d">2025-11-12</subfield>
    <subfield code="h">A&#xF1;o 1, No. 48, julio, 1982</subfield>
    <subfield code="l">0</subfield>
    <subfield code="p">2025-12972</subfield>
    <subfield code="r">2025-11-12</subfield>
    <subfield code="t">e.1</subfield>
    <subfield code="w">2025-11-12</subfield>
    <subfield code="y">ISSUE</subfield>
    <subfield code="z">Arte Dominicano: Muestra de Rosa Tav&#xE1;rez.</subfield>
  </datafield>
  <datafield tag="952" ind1=" " ind2=" ">
    <subfield code="0">0</subfield>
    <subfield code="1">0</subfield>
    <subfield code="2">ddc</subfield>
    <subfield code="4">0</subfield>
    <subfield code="5">6</subfield>
    <subfield code="7">0</subfield>
    <subfield code="8">SE</subfield>
    <subfield code="a">BNPHU</subfield>
    <subfield code="b">BNPHU</subfield>
    <subfield code="d">2025-11-12</subfield>
    <subfield code="h">A&#xF1;o 1, No. 49, julio, 1982</subfield>
    <subfield code="l">0</subfield>
    <subfield code="p">2025-12973</subfield>
    <subfield code="r">2025-11-12</subfield>
    <subfield code="t">e.1</subfield>
    <subfield code="w">2025-11-12</subfield>
    <subfield code="y">ISSUE</subfield>
    <subfield code="z">Arte Dominicano: Muestra de Iv&#xE1;n Tovar.</subfield>
  </datafield>
  <datafield tag="952" ind1=" " ind2=" ">
    <subfield code="0">0</subfield>
    <subfield code="1">0</subfield>
    <subfield code="2">ddc</subfield>
    <subfield code="4">0</subfield>
    <subfield code="5">6</subfield>
    <subfield code="7">0</subfield>
    <subfield code="8">SE</subfield>
    <subfield code="a">BNPHU</subfield>
    <subfield code="b">BNPHU</subfield>
    <subfield code="d">2025-11-12</subfield>
    <subfield code="h">A&#xF1;o 1, No. 50, julio, 1982</subfield>
    <subfield code="l">0</subfield>
    <subfield code="p">2025-12974</subfield>
    <subfield code="r">2025-11-12</subfield>
    <subfield code="t">e.1</subfield>
    <subfield code="w">2025-11-12</subfield>
    <subfield code="y">ISSUE</subfield>
    <subfield code="z">Arte Dominicano: Muestra de Joge Severino.</subfield>
  </datafield>
  <datafield tag="952" ind1=" " ind2=" ">
    <subfield code="0">0</subfield>
    <subfield code="1">0</subfield>
    <subfield code="2">ddc</subfield>
    <subfield code="4">0</subfield>
    <subfield code="5">6</subfield>
    <subfield code="7">0</subfield>
    <subfield code="8">SE</subfield>
    <subfield code="a">BNPHU</subfield>
    <subfield code="b">BNPHU</subfield>
    <subfield code="c">RE</subfield>
    <subfield code="d">2025-11-12</subfield>
    <subfield code="h">A&#xF1;o 1, No. 51, agosto, 1981</subfield>
    <subfield code="l">0</subfield>
    <subfield code="p">2025-12975</subfield>
    <subfield code="r">2025-11-12</subfield>
    <subfield code="t">e.1</subfield>
    <subfield code="w">2025-11-12</subfield>
    <subfield code="y">ISSUE</subfield>
    <subfield code="z">Arte Dominicano: Muestra de Domingo Batista</subfield>
  </datafield>
  <datafield tag="952" ind1=" " ind2=" ">
    <subfield code="0">0</subfield>
    <subfield code="1">0</subfield>
    <subfield code="2">ddc</subfield>
    <subfield code="4">0</subfield>
    <subfield code="5">6</subfield>
    <subfield code="7">0</subfield>
    <subfield code="8">SE</subfield>
    <subfield code="a">BNPHU</subfield>
    <subfield code="b">BNPHU</subfield>
    <subfield code="d">2025-11-12</subfield>
    <subfield code="h">A&#xF1;o 2, No. 52, agosto, 1982</subfield>
    <subfield code="l">0</subfield>
    <subfield code="p">2025-12986</subfield>
    <subfield code="r">2025-11-12</subfield>
    <subfield code="t">e.1</subfield>
    <subfield code="w">2025-11-12</subfield>
    <subfield code="y">ISSUE</subfield>
    <subfield code="z">suplemento Hoy</subfield>
  </datafield>
  <datafield tag="952" ind1=" " ind2=" ">
    <subfield code="0">0</subfield>
    <subfield code="1">0</subfield>
    <subfield code="2">ddc</subfield>
    <subfield code="4">0</subfield>
    <subfield code="5">6</subfield>
    <subfield code="7">0</subfield>
    <subfield code="8">SE</subfield>
    <subfield code="a">BNPHU</subfield>
    <subfield code="b">BNPHU</subfield>
    <subfield code="d">2025-11-12</subfield>
    <subfield code="h">A&#xF1;o 2, No. 53, agosto, 1982</subfield>
    <subfield code="l">0</subfield>
    <subfield code="p">2025-12987</subfield>
    <subfield code="r">2025-11-12</subfield>
    <subfield code="t">e.1</subfield>
    <subfield code="w">2025-11-12</subfield>
    <subfield code="y">ISSUE</subfield>
    <subfield code="z">Arte Dominicano: Muestra de Elsa Nu&#xF1;ez.</subfield>
  </datafield>
  <datafield tag="952" ind1=" " ind2=" ">
    <subfield code="0">0</subfield>
    <subfield code="1">0</subfield>
    <subfield code="2">ddc</subfield>
    <subfield code="4">0</subfield>
    <subfield code="5">6</subfield>
    <subfield code="7">0</subfield>
    <subfield code="8">SE</subfield>
    <subfield code="a">BNPHU</subfield>
    <subfield code="b">BNPHU</subfield>
    <subfield code="d">2025-11-12</subfield>
    <subfield code="h">A&#xF1;o 2, No. 54, agosto, 1982</subfield>
    <subfield code="l">0</subfield>
    <subfield code="p">2025-12988</subfield>
    <subfield code="r">2025-11-12</subfield>
    <subfield code="t">e.1</subfield>
    <subfield code="w">2025-11-12</subfield>
    <subfield code="y">ISSUE</subfield>
    <subfield code="z">Arte Dominicano: Muestra de Norberto Santana.</subfield>
  </datafield>
  <datafield tag="952" ind1=" " ind2=" ">
    <subfield code="0">0</subfield>
    <subfield code="1">0</subfield>
    <subfield code="2">ddc</subfield>
    <subfield code="4">0</subfield>
    <subfield code="5">6</subfield>
    <subfield code="7">0</subfield>
    <subfield code="8">SE</subfield>
    <subfield code="a">BNPHU</subfield>
    <subfield code="b">BNPHU</subfield>
    <subfield code="d">2025-11-12</subfield>
    <subfield code="h">A&#xF1;o 2, No. 55, septiembre, 1982</subfield>
    <subfield code="l">0</subfield>
    <subfield code="p">2025-12990</subfield>
    <subfield code="r">2025-11-12</subfield>
    <subfield code="t">e.1</subfield>
    <subfield code="w">2025-11-12</subfield>
    <subfield code="y">ISSUE</subfield>
    <subfield code="z">Arte Dominicano: Muestra de Julio Gonz&#xE1;lez. </subfield>
  </datafield>
  <datafield tag="952" ind1=" " ind2=" ">
    <subfield code="0">0</subfield>
    <subfield code="1">0</subfield>
    <subfield code="2">ddc</subfield>
    <subfield code="4">0</subfield>
    <subfield code="5">6</subfield>
    <subfield code="7">0</subfield>
    <subfield code="8">SE</subfield>
    <subfield code="a">BNPHU</subfield>
    <subfield code="b">BNPHU</subfield>
    <subfield code="d">2025-11-12</subfield>
    <subfield code="h">A&#xF1;o 2, No. 56, septiembre, 1982</subfield>
    <subfield code="l">0</subfield>
    <subfield code="p">2025-12991</subfield>
    <subfield code="r">2025-11-12</subfield>
    <subfield code="t">e.1</subfield>
    <subfield code="w">2025-11-12</subfield>
    <subfield code="y">ISSUE</subfield>
    <subfield code="z">Arte Dominicano: Muestra de Wifredo Garcia.</subfield>
  </datafield>
  <datafield tag="952" ind1=" " ind2=" ">
    <subfield code="0">0</subfield>
    <subfield code="1">0</subfield>
    <subfield code="2">ddc</subfield>
    <subfield code="4">0</subfield>
    <subfield code="5">6</subfield>
    <subfield code="7">0</subfield>
    <subfield code="8">SE</subfield>
    <subfield code="a">BNPHU</subfield>
    <subfield code="b">BNPHU</subfield>
    <subfield code="d">2025-11-12</subfield>
    <subfield code="h">A&#xF1;o 2, No. 57, septiembre, 1982</subfield>
    <subfield code="l">0</subfield>
    <subfield code="p">2025-12992</subfield>
    <subfield code="r">2025-11-12</subfield>
    <subfield code="t">e.1</subfield>
    <subfield code="w">2025-11-12</subfield>
    <subfield code="y">ISSUE</subfield>
    <subfield code="z">Arte Dominicano: Muestra de Danilo de los Santos.</subfield>
  </datafield>
  <datafield tag="952" ind1=" " ind2=" ">
    <subfield code="0">0</subfield>
    <subfield code="1">0</subfield>
    <subfield code="2">ddc</subfield>
    <subfield code="4">0</subfield>
    <subfield code="5">6</subfield>
    <subfield code="7">0</subfield>
    <subfield code="8">SE</subfield>
    <subfield code="a">BNPHU</subfield>
    <subfield code="b">BNPHU</subfield>
    <subfield code="d">2025-11-12</subfield>
    <subfield code="h">A&#xF1;o 2, No. 58, septiembre, 1982</subfield>
    <subfield code="l">0</subfield>
    <subfield code="p">2025-12993</subfield>
    <subfield code="r">2025-11-12</subfield>
    <subfield code="t">e.1</subfield>
    <subfield code="w">2025-11-12</subfield>
    <subfield code="y">ISSUE</subfield>
    <subfield code="z">Arte Dominicano: Muestra de Polibio Diaz.</subfield>
  </datafield>
  <datafield tag="952" ind1=" " ind2=" ">
    <subfield code="0">0</subfield>
    <subfield code="1">0</subfield>
    <subfield code="2">ddc</subfield>
    <subfield code="4">0</subfield>
    <subfield code="5">6</subfield>
    <subfield code="7">0</subfield>
    <subfield code="8">SE</subfield>
    <subfield code="a">BNPHU</subfield>
    <subfield code="b">BNPHU</subfield>
    <subfield code="d">2025-11-12</subfield>
    <subfield code="h">A&#xF1;o 2, No. 59, octubre, 1982</subfield>
    <subfield code="l">0</subfield>
    <subfield code="p">2025-12994</subfield>
    <subfield code="r">2025-11-12</subfield>
    <subfield code="t">e.1</subfield>
    <subfield code="w">2025-11-12</subfield>
    <subfield code="y">ISSUE</subfield>
    <subfield code="z">Arte Dominicano: Muestra de Antonio Guadalupe.</subfield>
  </datafield>
  <datafield tag="952" ind1=" " ind2=" ">
    <subfield code="0">0</subfield>
    <subfield code="1">0</subfield>
    <subfield code="2">ddc</subfield>
    <subfield code="4">0</subfield>
    <subfield code="5">6</subfield>
    <subfield code="7">0</subfield>
    <subfield code="8">SE</subfield>
    <subfield code="a">BNPHU</subfield>
    <subfield code="b">BNPHU</subfield>
    <subfield code="d">2025-11-12</subfield>
    <subfield code="h">A&#xF1;o 2, No. 60, octubre, 1982</subfield>
    <subfield code="l">0</subfield>
    <subfield code="p">2025-12995</subfield>
    <subfield code="r">2025-11-12</subfield>
    <subfield code="t">e.1</subfield>
    <subfield code="w">2025-11-12</subfield>
    <subfield code="y">ISSUE</subfield>
    <subfield code="z">Suplemento Hoy.</subfield>
  </datafield>
  <datafield tag="952" ind1=" " ind2=" ">
    <subfield code="0">0</subfield>
    <subfield code="1">0</subfield>
    <subfield code="2">ddc</subfield>
    <subfield code="4">0</subfield>
    <subfield code="5">6</subfield>
    <subfield code="7">0</subfield>
    <subfield code="8">SE</subfield>
    <subfield code="a">BNPHU</subfield>
    <subfield code="b">BNPHU</subfield>
    <subfield code="d">2025-11-12</subfield>
    <subfield code="h">A&#xF1;o 2, No. 61, octubre, 1982</subfield>
    <subfield code="l">0</subfield>
    <subfield code="p">2025-12996</subfield>
    <subfield code="r">2025-11-12</subfield>
    <subfield code="t">e.1</subfield>
    <subfield code="w">2025-11-12</subfield>
    <subfield code="y">ISSUE</subfield>
    <subfield code="z">Arte Dominicano: Muestra de Salvador Berg&#xE9;s.</subfield>
  </datafield>
  <datafield tag="952" ind1=" " ind2=" ">
    <subfield code="0">0</subfield>
    <subfield code="1">0</subfield>
    <subfield code="2">ddc</subfield>
    <subfield code="4">0</subfield>
    <subfield code="5">6</subfield>
    <subfield code="7">0</subfield>
    <subfield code="8">SE</subfield>
    <subfield code="a">BNPHU</subfield>
    <subfield code="b">BNPHU</subfield>
    <subfield code="d">2025-11-12</subfield>
    <subfield code="h">A&#xF1;o 2, No. 62, octubre, 1982</subfield>
    <subfield code="l">0</subfield>
    <subfield code="p">2025-12997</subfield>
    <subfield code="r">2025-11-12</subfield>
    <subfield code="t">e.1</subfield>
    <subfield code="w">2025-11-12</subfield>
    <subfield code="y">ISSUE</subfield>
    <subfield code="z">Arte Dominicano: Muestra de Alberto Bass.</subfield>
  </datafield>
  <datafield tag="952" ind1=" " ind2=" ">
    <subfield code="0">0</subfield>
    <subfield code="1">0</subfield>
    <subfield code="2">ddc</subfield>
    <subfield code="4">0</subfield>
    <subfield code="5">6</subfield>
    <subfield code="7">0</subfield>
    <subfield code="8">SE</subfield>
    <subfield code="a">BNPHU</subfield>
    <subfield code="b">BNPHU</subfield>
    <subfield code="d">2025-11-12</subfield>
    <subfield code="h">A&#xF1;o 2, No. 63, octubre, 1982</subfield>
    <subfield code="l">0</subfield>
    <subfield code="p">2025-12998</subfield>
    <subfield code="r">2025-11-12</subfield>
    <subfield code="t">e.1</subfield>
    <subfield code="w">2025-11-12</subfield>
    <subfield code="y">ISSUE</subfield>
    <subfield code="z">Gabriel Garcia M&#xE1;rquez, premio N&#xF3;bel 1982.</subfield>
  </datafield>
  <datafield tag="952" ind1=" " ind2=" ">
    <subfield code="0">0</subfield>
    <subfield code="1">0</subfield>
    <subfield code="2">ddc</subfield>
    <subfield code="4">0</subfield>
    <subfield code="5">6</subfield>
    <subfield code="7">0</subfield>
    <subfield code="8">SE</subfield>
    <subfield code="a">BNPHU</subfield>
    <subfield code="b">BNPHU</subfield>
    <subfield code="d">2025-11-12</subfield>
    <subfield code="h">A&#xF1;o 2, No. 64, noviembre, 1982</subfield>
    <subfield code="l">0</subfield>
    <subfield code="p">2025-12999</subfield>
    <subfield code="r">2025-11-12</subfield>
    <subfield code="t">e.1</subfield>
    <subfield code="w">2025-11-12</subfield>
    <subfield code="y">ISSUE</subfield>
    <subfield code="z">Arte Dominicano: Muestra de Freddie Cabral.</subfield>
  </datafield>
  <datafield tag="952" ind1=" " ind2=" ">
    <subfield code="0">0</subfield>
    <subfield code="1">0</subfield>
    <subfield code="2">ddc</subfield>
    <subfield code="4">0</subfield>
    <subfield code="5">6</subfield>
    <subfield code="7">0</subfield>
    <subfield code="8">SE</subfield>
    <subfield code="a">BNPHU</subfield>
    <subfield code="b">BNPHU</subfield>
    <subfield code="d">2025-11-12</subfield>
    <subfield code="h">A&#xF1;o 2, No. 65, noviembre, 1982</subfield>
    <subfield code="l">0</subfield>
    <subfield code="p">2025-13000</subfield>
    <subfield code="r">2025-11-12</subfield>
    <subfield code="t">e.1</subfield>
    <subfield code="w">2025-11-12</subfield>
    <subfield code="y">ISSUE</subfield>
    <subfield code="z">Arte Dominicano: Muestra de Tet&#xE9; Marella.</subfield>
  </datafield>
  <datafield tag="952" ind1=" " ind2=" ">
    <subfield code="0">0</subfield>
    <subfield code="1">0</subfield>
    <subfield code="2">ddc</subfield>
    <subfield code="4">0</subfield>
    <subfield code="5">6</subfield>
    <subfield code="7">0</subfield>
    <subfield code="8">SE</subfield>
    <subfield code="a">BNPHU</subfield>
    <subfield code="b">BNPHU</subfield>
    <subfield code="d">2025-11-12</subfield>
    <subfield code="h">A&#xF1;o 2, No. 66, noviembre, 1982</subfield>
    <subfield code="l">0</subfield>
    <subfield code="p">2025-13001</subfield>
    <subfield code="r">2025-11-12</subfield>
    <subfield code="t">e.1</subfield>
    <subfield code="w">2025-11-12</subfield>
    <subfield code="y">ISSUE</subfield>
    <subfield code="z">Dia de santa Cecilia: Homenaje al m&#xFA;sico Dominicano.</subfield>
  </datafield>
  <datafield tag="952" ind1=" " ind2=" ">
    <subfield code="0">0</subfield>
    <subfield code="1">0</subfield>
    <subfield code="2">ddc</subfield>
    <subfield code="4">0</subfield>
    <subfield code="5">6</subfield>
    <subfield code="7">0</subfield>
    <subfield code="8">SE</subfield>
    <subfield code="a">BNPHU</subfield>
    <subfield code="b">BNPHU</subfield>
    <subfield code="d">2025-11-12</subfield>
    <subfield code="h">A&#xF1;o 2, No. 67, noviembre, 1982</subfield>
    <subfield code="l">0</subfield>
    <subfield code="p">2025-13002</subfield>
    <subfield code="r">2025-11-12</subfield>
    <subfield code="t">e.1</subfield>
    <subfield code="w">2025-11-12</subfield>
    <subfield code="y">ISSUE</subfield>
    <subfield code="z">Arte Dominicano: Muestra de Daniel Henriquez.</subfield>
  </datafield>
  <datafield tag="952" ind1=" " ind2=" ">
    <subfield code="0">0</subfield>
    <subfield code="1">0</subfield>
    <subfield code="2">ddc</subfield>
    <subfield code="4">0</subfield>
    <subfield code="5">6</subfield>
    <subfield code="7">0</subfield>
    <subfield code="8">SE</subfield>
    <subfield code="a">BNPHU</subfield>
    <subfield code="b">BNPHU</subfield>
    <subfield code="d">2025-11-12</subfield>
    <subfield code="h">A&#xF1;o 2, No. 68, diciembre, 1982</subfield>
    <subfield code="l">0</subfield>
    <subfield code="p">2025-13003</subfield>
    <subfield code="r">2025-11-12</subfield>
    <subfield code="t">e.1</subfield>
    <subfield code="w">2025-11-12</subfield>
    <subfield code="y">ISSUE</subfield>
    <subfield code="z">Arte Dominicano: Muestra de Geo Ripley.</subfield>
  </datafield>
  <datafield tag="952" ind1=" " ind2=" ">
    <subfield code="0">0</subfield>
    <subfield code="1">0</subfield>
    <subfield code="2">ddc</subfield>
    <subfield code="4">0</subfield>
    <subfield code="5">6</subfield>
    <subfield code="7">0</subfield>
    <subfield code="8">SE</subfield>
    <subfield code="a">BNPHU</subfield>
    <subfield code="b">BNPHU</subfield>
    <subfield code="d">2025-11-12</subfield>
    <subfield code="h">A&#xF1;o 2, No. 69, diciembre, 1982</subfield>
    <subfield code="l">0</subfield>
    <subfield code="p">2025-13004</subfield>
    <subfield code="r">2025-11-12</subfield>
    <subfield code="t">e.1</subfield>
    <subfield code="w">2025-11-12</subfield>
    <subfield code="y">ISSUE</subfield>
    <subfield code="z">Arte Dominicano: Muestra de Faustino P&#xE9;rez.</subfield>
  </datafield>
  <datafield tag="952" ind1=" " ind2=" ">
    <subfield code="0">0</subfield>
    <subfield code="1">0</subfield>
    <subfield code="2">ddc</subfield>
    <subfield code="4">0</subfield>
    <subfield code="5">6</subfield>
    <subfield code="7">0</subfield>
    <subfield code="8">SE</subfield>
    <subfield code="a">BNPHU</subfield>
    <subfield code="b">BNPHU</subfield>
    <subfield code="d">2025-11-12</subfield>
    <subfield code="h">A&#xF1;o 2, No. 70, diciembre, 1982</subfield>
    <subfield code="l">0</subfield>
    <subfield code="p">2025-13005</subfield>
    <subfield code="r">2025-11-12</subfield>
    <subfield code="t">e.1</subfield>
    <subfield code="w">2025-11-12</subfield>
    <subfield code="y">ISSUE</subfield>
    <subfield code="z">Arte Dominicano: Muestra de Soucy de Pellerano.</subfield>
  </datafield>
  <datafield tag="952" ind1=" " ind2=" ">
    <subfield code="0">0</subfield>
    <subfield code="1">0</subfield>
    <subfield code="2">ddc</subfield>
    <subfield code="4">0</subfield>
    <subfield code="5">6</subfield>
    <subfield code="7">0</subfield>
    <subfield code="8">SE</subfield>
    <subfield code="a">BNPHU</subfield>
    <subfield code="b">BNPHU</subfield>
    <subfield code="d">2025-11-12</subfield>
    <subfield code="h">A&#xF1;o 2, No. 71, diciembre, 1982</subfield>
    <subfield code="l">0</subfield>
    <subfield code="p">2025-13006</subfield>
    <subfield code="r">2025-11-12</subfield>
    <subfield code="t">e.1</subfield>
    <subfield code="w">2025-11-12</subfield>
    <subfield code="y">ISSUE</subfield>
    <subfield code="z">La navidad y los ni&#xF1;os.</subfield>
  </datafield>
  <datafield tag="952" ind1=" " ind2=" ">
    <subfield code="0">0</subfield>
    <subfield code="1">0</subfield>
    <subfield code="2">ddc</subfield>
    <subfield code="4">0</subfield>
    <subfield code="5">6</subfield>
    <subfield code="7">0</subfield>
    <subfield code="8">SE</subfield>
    <subfield code="a">BNPHU</subfield>
    <subfield code="b">BNPHU</subfield>
    <subfield code="d">2025-11-12</subfield>
    <subfield code="h">A&#xF1;o 2, No. 72, enero, 1983</subfield>
    <subfield code="l">0</subfield>
    <subfield code="p">2025-13007</subfield>
    <subfield code="r">2025-11-12</subfield>
    <subfield code="t">e.1</subfield>
    <subfield code="w">2025-11-12</subfield>
    <subfield code="y">ISSUE</subfield>
    <subfield code="z">Arte Dominicano: Muestra de Thimo Pimentel.</subfield>
  </datafield>
  <datafield tag="952" ind1=" " ind2=" ">
    <subfield code="0">0</subfield>
    <subfield code="1">0</subfield>
    <subfield code="2">ddc</subfield>
    <subfield code="4">0</subfield>
    <subfield code="5">6</subfield>
    <subfield code="7">0</subfield>
    <subfield code="8">SE</subfield>
    <subfield code="a">BNPHU</subfield>
    <subfield code="b">BNPHU</subfield>
    <subfield code="d">2025-11-12</subfield>
    <subfield code="h">A&#xF1;o 2, No. 73, enero, 1983</subfield>
    <subfield code="l">0</subfield>
    <subfield code="p">2025-13008</subfield>
    <subfield code="r">2025-11-12</subfield>
    <subfield code="t">e.1</subfield>
    <subfield code="w">2025-11-12</subfield>
    <subfield code="y">ISSUE</subfield>
    <subfield code="z">Arte Dominicano: Muestra de Aquiles Azar.</subfield>
  </datafield>
  <datafield tag="952" ind1=" " ind2=" ">
    <subfield code="0">0</subfield>
    <subfield code="1">0</subfield>
    <subfield code="2">ddc</subfield>
    <subfield code="4">0</subfield>
    <subfield code="5">6</subfield>
    <subfield code="7">0</subfield>
    <subfield code="8">SE</subfield>
    <subfield code="a">BNPHU</subfield>
    <subfield code="b">BNPHU</subfield>
    <subfield code="d">2025-11-12</subfield>
    <subfield code="h">A&#xF1;o 2, No. 74, enero, 1983</subfield>
    <subfield code="l">0</subfield>
    <subfield code="p">2025-13009</subfield>
    <subfield code="r">2025-11-12</subfield>
    <subfield code="t">e.1</subfield>
    <subfield code="w">2025-11-12</subfield>
    <subfield code="y">ISSUE</subfield>
    <subfield code="z">Arte Dominicano: Muestra de Mariano Eckert.</subfield>
  </datafield>
  <datafield tag="952" ind1=" " ind2=" ">
    <subfield code="0">0</subfield>
    <subfield code="1">0</subfield>
    <subfield code="2">ddc</subfield>
    <subfield code="4">0</subfield>
    <subfield code="5">6</subfield>
    <subfield code="7">0</subfield>
    <subfield code="8">SE</subfield>
    <subfield code="a">BNPHU</subfield>
    <subfield code="b">BNPHU</subfield>
    <subfield code="d">2025-11-12</subfield>
    <subfield code="h">A&#xF1;o 2, No. 75, enero, 1983</subfield>
    <subfield code="l">0</subfield>
    <subfield code="p">2025-13010</subfield>
    <subfield code="r">2025-11-12</subfield>
    <subfield code="t">e.1</subfield>
    <subfield code="w">2025-11-12</subfield>
    <subfield code="y">ISSUE</subfield>
    <subfield code="z">La constituci&#xF3;n y los pintores.</subfield>
  </datafield>
  <datafield tag="952" ind1=" " ind2=" ">
    <subfield code="0">0</subfield>
    <subfield code="1">0</subfield>
    <subfield code="2">ddc</subfield>
    <subfield code="4">0</subfield>
    <subfield code="5">6</subfield>
    <subfield code="7">0</subfield>
    <subfield code="8">SE</subfield>
    <subfield code="a">BNPHU</subfield>
    <subfield code="b">BNPHU</subfield>
    <subfield code="d">2025-11-12</subfield>
    <subfield code="h">A&#xF1;o 2, No. 76, enero, 1983</subfield>
    <subfield code="l">0</subfield>
    <subfield code="p">2025-13011</subfield>
    <subfield code="r">2025-11-12</subfield>
    <subfield code="t">e.1</subfield>
    <subfield code="w">2025-11-12</subfield>
    <subfield code="y">ISSUE</subfield>
    <subfield code="z">Laguna de Cabral.</subfield>
  </datafield>
  <datafield tag="952" ind1=" " ind2=" ">
    <subfield code="0">0</subfield>
    <subfield code="1">0</subfield>
    <subfield code="2">ddc</subfield>
    <subfield code="4">0</subfield>
    <subfield code="5">6</subfield>
    <subfield code="7">0</subfield>
    <subfield code="8">SE</subfield>
    <subfield code="a">BNPHU</subfield>
    <subfield code="b">BNPHU</subfield>
    <subfield code="d">2025-11-12</subfield>
    <subfield code="h">A&#xF1;o 2, No. 77, febrero, 1983</subfield>
    <subfield code="l">0</subfield>
    <subfield code="p">2025-13012</subfield>
    <subfield code="r">2025-11-12</subfield>
    <subfield code="t">e.1</subfield>
    <subfield code="w">2025-11-12</subfield>
    <subfield code="y">ISSUE</subfield>
    <subfield code="z">Arte Dominicano: Muestra de Jos&#xE9; Miura.</subfield>
  </datafield>
  <datafield tag="952" ind1=" " ind2=" ">
    <subfield code="0">0</subfield>
    <subfield code="1">0</subfield>
    <subfield code="2">ddc</subfield>
    <subfield code="4">0</subfield>
    <subfield code="5">6</subfield>
    <subfield code="7">0</subfield>
    <subfield code="8">SE</subfield>
    <subfield code="a">BNPHU</subfield>
    <subfield code="b">BNPHU</subfield>
    <subfield code="d">2025-11-12</subfield>
    <subfield code="h">A&#xF1;o 2, No. 78, febrero, 1983</subfield>
    <subfield code="l">0</subfield>
    <subfield code="p">2025-13013</subfield>
    <subfield code="r">2025-11-12</subfield>
    <subfield code="t">e.1</subfield>
    <subfield code="w">2025-11-12</subfield>
    <subfield code="y">ISSUE</subfield>
    <subfield code="z">Arte Dominicano: Muestra de Mariano Hern&#xE1;ndez.</subfield>
  </datafield>
  <datafield tag="952" ind1=" " ind2=" ">
    <subfield code="0">0</subfield>
    <subfield code="1">0</subfield>
    <subfield code="2">ddc</subfield>
    <subfield code="4">0</subfield>
    <subfield code="5">6</subfield>
    <subfield code="7">0</subfield>
    <subfield code="8">SE</subfield>
    <subfield code="a">BNPHU</subfield>
    <subfield code="b">BNPHU</subfield>
    <subfield code="d">2025-11-12</subfield>
    <subfield code="h">A&#xF1;o 2, No. 79, febrero, 1983</subfield>
    <subfield code="l">0</subfield>
    <subfield code="p">2025-13014</subfield>
    <subfield code="r">2025-11-12</subfield>
    <subfield code="t">e.1</subfield>
    <subfield code="w">2025-11-12</subfield>
    <subfield code="y">ISSUE</subfield>
    <subfield code="z">Arte Dominicano: Muestra de Gontier.</subfield>
  </datafield>
  <datafield tag="952" ind1=" " ind2=" ">
    <subfield code="0">0</subfield>
    <subfield code="1">0</subfield>
    <subfield code="2">ddc</subfield>
    <subfield code="4">0</subfield>
    <subfield code="5">6</subfield>
    <subfield code="7">0</subfield>
    <subfield code="8">SE</subfield>
    <subfield code="a">BNPHU</subfield>
    <subfield code="b">BNPHU</subfield>
    <subfield code="d">2025-11-12</subfield>
    <subfield code="h">A&#xF1;o 2, No. 80, febrero, 1983</subfield>
    <subfield code="l">0</subfield>
    <subfield code="p">2025-13015</subfield>
    <subfield code="r">2025-11-12</subfield>
    <subfield code="t">e.1</subfield>
    <subfield code="w">2025-11-12</subfield>
    <subfield code="y">ISSUE</subfield>
    <subfield code="z">Im&#xE1;genes del carnaval.</subfield>
  </datafield>
  <datafield tag="952" ind1=" " ind2=" ">
    <subfield code="0">0</subfield>
    <subfield code="1">0</subfield>
    <subfield code="2">ddc</subfield>
    <subfield code="4">0</subfield>
    <subfield code="5">6</subfield>
    <subfield code="7">0</subfield>
    <subfield code="8">SE</subfield>
    <subfield code="a">BNPHU</subfield>
    <subfield code="b">BNPHU</subfield>
    <subfield code="d">2025-11-12</subfield>
    <subfield code="h">A&#xF1;o 2, No. 81, marzo, 1982</subfield>
    <subfield code="l">0</subfield>
    <subfield code="p">2025-13016</subfield>
    <subfield code="r">2025-11-12</subfield>
    <subfield code="t">e.1</subfield>
    <subfield code="w">2025-11-12</subfield>
    <subfield code="y">ISSUE</subfield>
    <subfield code="z">Arte Dominicano: Muestra de Charitto Ch&#xE1;vez.</subfield>
  </datafield>
  <datafield tag="952" ind1=" " ind2=" ">
    <subfield code="0">0</subfield>
    <subfield code="1">0</subfield>
    <subfield code="2">ddc</subfield>
    <subfield code="4">0</subfield>
    <subfield code="5">6</subfield>
    <subfield code="7">0</subfield>
    <subfield code="8">SE</subfield>
    <subfield code="a">BNPHU</subfield>
    <subfield code="b">BNPHU</subfield>
    <subfield code="d">2025-11-12</subfield>
    <subfield code="h">A&#xF1;o 2, No. 82, marzo, 1983</subfield>
    <subfield code="l">0</subfield>
    <subfield code="p">2025-13017</subfield>
    <subfield code="r">2025-11-12</subfield>
    <subfield code="t">e.1</subfield>
    <subfield code="w">2025-11-12</subfield>
    <subfield code="y">ISSUE</subfield>
    <subfield code="z">Arte Dominicano: Muestra de Nidia Serra.</subfield>
  </datafield>
  <datafield tag="952" ind1=" " ind2=" ">
    <subfield code="0">0</subfield>
    <subfield code="1">0</subfield>
    <subfield code="2">ddc</subfield>
    <subfield code="4">0</subfield>
    <subfield code="5">6</subfield>
    <subfield code="7">0</subfield>
    <subfield code="8">SE</subfield>
    <subfield code="a">BNPHU</subfield>
    <subfield code="b">BNPHU</subfield>
    <subfield code="d">2025-11-12</subfield>
    <subfield code="h">A&#xF1;o 2, No. 83, marzo, 1983</subfield>
    <subfield code="l">0</subfield>
    <subfield code="p">2025-13018</subfield>
    <subfield code="r">2025-11-12</subfield>
    <subfield code="t">e.1</subfield>
    <subfield code="w">2025-11-12</subfield>
    <subfield code="y">ISSUE</subfield>
    <subfield code="z">Arte Dominicano: Muestra de Luis Nova.</subfield>
  </datafield>
  <datafield tag="952" ind1=" " ind2=" ">
    <subfield code="0">0</subfield>
    <subfield code="1">0</subfield>
    <subfield code="2">ddc</subfield>
    <subfield code="4">0</subfield>
    <subfield code="5">6</subfield>
    <subfield code="7">0</subfield>
    <subfield code="8">SE</subfield>
    <subfield code="a">BNPHU</subfield>
    <subfield code="b">BNPHU</subfield>
    <subfield code="d">2025-11-12</subfield>
    <subfield code="h">A&#xF1;o 2, No. 84, marzo, 1983</subfield>
    <subfield code="l">0</subfield>
    <subfield code="p">2025-13019</subfield>
    <subfield code="r">2025-11-12</subfield>
    <subfield code="t">e.1</subfield>
    <subfield code="w">2025-11-12</subfield>
    <subfield code="y">ISSUE</subfield>
    <subfield code="z">Miniaturas en Nouveau.</subfield>
  </datafield>
  <datafield tag="952" ind1=" " ind2=" ">
    <subfield code="0">0</subfield>
    <subfield code="1">0</subfield>
    <subfield code="2">ddc</subfield>
    <subfield code="4">0</subfield>
    <subfield code="5">6</subfield>
    <subfield code="7">0</subfield>
    <subfield code="8">SE</subfield>
    <subfield code="a">BNPHU</subfield>
    <subfield code="b">BNPHU</subfield>
    <subfield code="d">2025-11-12</subfield>
    <subfield code="h">A&#xF1;o 2, No. 85, abril, 1983</subfield>
    <subfield code="l">0</subfield>
    <subfield code="p">2025-13020</subfield>
    <subfield code="r">2025-11-12</subfield>
    <subfield code="t">e.1</subfield>
    <subfield code="w">2025-11-12</subfield>
    <subfield code="y">ISSUE</subfield>
    <subfield code="z">Suplemento Hoy.</subfield>
  </datafield>
  <datafield tag="952" ind1=" " ind2=" ">
    <subfield code="0">0</subfield>
    <subfield code="1">0</subfield>
    <subfield code="2">ddc</subfield>
    <subfield code="4">0</subfield>
    <subfield code="5">6</subfield>
    <subfield code="7">0</subfield>
    <subfield code="8">SE</subfield>
    <subfield code="a">BNPHU</subfield>
    <subfield code="b">BNPHU</subfield>
    <subfield code="d">2025-11-12</subfield>
    <subfield code="h">A&#xF1;o 2, No. 86, abril, 1983	</subfield>
    <subfield code="l">0</subfield>
    <subfield code="p">2025-13021</subfield>
    <subfield code="r">2025-11-12</subfield>
    <subfield code="t">e.1</subfield>
    <subfield code="w">2025-11-12</subfield>
    <subfield code="y">ISSUE</subfield>
    <subfield code="z">Arte Dominicano: Muestra de Jose Rincon Mora.</subfield>
  </datafield>
  <datafield tag="952" ind1=" " ind2=" ">
    <subfield code="0">0</subfield>
    <subfield code="1">0</subfield>
    <subfield code="2">ddc</subfield>
    <subfield code="4">0</subfield>
    <subfield code="5">6</subfield>
    <subfield code="7">0</subfield>
    <subfield code="8">SE</subfield>
    <subfield code="a">BNPHU</subfield>
    <subfield code="b">BNPHU</subfield>
    <subfield code="d">2025-11-12</subfield>
    <subfield code="h">A&#xF1;o 2, No. 87, abril 1983	</subfield>
    <subfield code="l">0</subfield>
    <subfield code="p">2025-13022</subfield>
    <subfield code="r">2025-11-12</subfield>
    <subfield code="t">e.1</subfield>
    <subfield code="w">2025-11-12</subfield>
    <subfield code="y">ISSUE</subfield>
    <subfield code="z">Arte Dominicano: Muestra de Leonidas Radhames Mejia..</subfield>
  </datafield>
  <datafield tag="952" ind1=" " ind2=" ">
    <subfield code="0">0</subfield>
    <subfield code="1">0</subfield>
    <subfield code="2">ddc</subfield>
    <subfield code="4">0</subfield>
    <subfield code="5">6</subfield>
    <subfield code="7">0</subfield>
    <subfield code="8">SE</subfield>
    <subfield code="a">BNPHU</subfield>
    <subfield code="b">BNPHU</subfield>
    <subfield code="d">2025-11-12</subfield>
    <subfield code="h">A&#xF1;o 2, No. 88, abril, 1983	</subfield>
    <subfield code="l">0</subfield>
    <subfield code="p">2025-13023</subfield>
    <subfield code="r">2025-11-12</subfield>
    <subfield code="t">e.1</subfield>
    <subfield code="w">2025-11-12</subfield>
    <subfield code="y">ISSUE</subfield>
    <subfield code="z">Graffitis Dominicanos.</subfield>
  </datafield>
  <datafield tag="952" ind1=" " ind2=" ">
    <subfield code="0">0</subfield>
    <subfield code="1">0</subfield>
    <subfield code="2">ddc</subfield>
    <subfield code="4">0</subfield>
    <subfield code="5">6</subfield>
    <subfield code="7">0</subfield>
    <subfield code="8">SE</subfield>
    <subfield code="a">BNPHU</subfield>
    <subfield code="b">BNPHU</subfield>
    <subfield code="d">2025-11-12</subfield>
    <subfield code="h">A&#xF1;o 2, No. 89, abril, 1983	</subfield>
    <subfield code="l">0</subfield>
    <subfield code="p">2025-13024</subfield>
    <subfield code="r">2025-11-12</subfield>
    <subfield code="t">e.1</subfield>
    <subfield code="w">2025-11-12</subfield>
    <subfield code="y">ISSUE</subfield>
    <subfield code="z">Arte Dominicano: Muestra de Glauco Castellanos.</subfield>
  </datafield>
  <datafield tag="952" ind1=" " ind2=" ">
    <subfield code="0">0</subfield>
    <subfield code="1">0</subfield>
    <subfield code="2">ddc</subfield>
    <subfield code="4">0</subfield>
    <subfield code="5">6</subfield>
    <subfield code="7">0</subfield>
    <subfield code="8">SE</subfield>
    <subfield code="a">BNPHU</subfield>
    <subfield code="b">BNPHU</subfield>
    <subfield code="d">2025-11-12</subfield>
    <subfield code="h">A&#xF1;o 2, No. 90, mayo, 1983</subfield>
    <subfield code="l">0</subfield>
    <subfield code="p">2025-13025</subfield>
    <subfield code="r">2025-11-12</subfield>
    <subfield code="t">e.1</subfield>
    <subfield code="w">2025-11-12</subfield>
    <subfield code="y">ISSUE</subfield>
    <subfield code="z">Arte Dominicano: Muestra de Eligio Pichardo.</subfield>
  </datafield>
  <datafield tag="952" ind1=" " ind2=" ">
    <subfield code="0">0</subfield>
    <subfield code="1">0</subfield>
    <subfield code="2">ddc</subfield>
    <subfield code="4">0</subfield>
    <subfield code="5">6</subfield>
    <subfield code="7">0</subfield>
    <subfield code="8">SE</subfield>
    <subfield code="a">BNPHU</subfield>
    <subfield code="b">BNPHU</subfield>
    <subfield code="d">2025-11-12</subfield>
    <subfield code="h">A&#xF1;o 2, No. 91, mayo, 1983</subfield>
    <subfield code="l">0</subfield>
    <subfield code="p">2025-13026</subfield>
    <subfield code="r">2025-11-12</subfield>
    <subfield code="t">e.1</subfield>
    <subfield code="w">2025-11-12</subfield>
    <subfield code="y">ISSUE</subfield>
    <subfield code="z">Arte Dominicano: Muestra de Bismarck Victoria.</subfield>
  </datafield>
  <datafield tag="952" ind1=" " ind2=" ">
    <subfield code="0">0</subfield>
    <subfield code="1">0</subfield>
    <subfield code="2">ddc</subfield>
    <subfield code="4">0</subfield>
    <subfield code="5">6</subfield>
    <subfield code="7">0</subfield>
    <subfield code="8">SE</subfield>
    <subfield code="a">BNPHU</subfield>
    <subfield code="b">BNPHU</subfield>
    <subfield code="d">2025-11-12</subfield>
    <subfield code="h">A&#xF1;o 2, No. 92, mayo, 1983	</subfield>
    <subfield code="l">0</subfield>
    <subfield code="p">2025-13027</subfield>
    <subfield code="r">2025-11-12</subfield>
    <subfield code="t">e.1</subfield>
    <subfield code="w">2025-11-12</subfield>
    <subfield code="y">ISSUE</subfield>
    <subfield code="z">Arte Dominicano: Arquitectura 83.</subfield>
  </datafield>
  <datafield tag="952" ind1=" " ind2=" ">
    <subfield code="0">0</subfield>
    <subfield code="1">0</subfield>
    <subfield code="2">ddc</subfield>
    <subfield code="4">0</subfield>
    <subfield code="5">6</subfield>
    <subfield code="7">0</subfield>
    <subfield code="8">SE</subfield>
    <subfield code="a">BNPHU</subfield>
    <subfield code="b">BNPHU</subfield>
    <subfield code="d">2025-11-12</subfield>
    <subfield code="h">A&#xF1;o 2, No. 93, mayo, 1983</subfield>
    <subfield code="l">0</subfield>
    <subfield code="p">2025-13028</subfield>
    <subfield code="r">2025-11-12</subfield>
    <subfield code="t">e.1</subfield>
    <subfield code="w">2025-11-12</subfield>
    <subfield code="y">ISSUE</subfield>
    <subfield code="z">Homenaje a Monte Cristy en los 450 a&#xF1;os de su fundaci&#xF3;n..</subfield>
  </datafield>
  <datafield tag="952" ind1=" " ind2=" ">
    <subfield code="0">0</subfield>
    <subfield code="1">0</subfield>
    <subfield code="2">ddc</subfield>
    <subfield code="4">0</subfield>
    <subfield code="5">6</subfield>
    <subfield code="7">0</subfield>
    <subfield code="8">SE</subfield>
    <subfield code="a">BNPHU</subfield>
    <subfield code="b">BNPHU</subfield>
    <subfield code="d">2025-11-12</subfield>
    <subfield code="h">A&#xF1;o 2, No. 94, junio, 1983	</subfield>
    <subfield code="l">0</subfield>
    <subfield code="p">2025-13029</subfield>
    <subfield code="r">2025-11-12</subfield>
    <subfield code="t">e.1</subfield>
    <subfield code="w">2025-11-12</subfield>
    <subfield code="y">ISSUE</subfield>
    <subfield code="z">Suplemento Hoy.</subfield>
  </datafield>
  <datafield tag="952" ind1=" " ind2=" ">
    <subfield code="0">0</subfield>
    <subfield code="1">0</subfield>
    <subfield code="2">ddc</subfield>
    <subfield code="4">0</subfield>
    <subfield code="5">6</subfield>
    <subfield code="7">0</subfield>
    <subfield code="8">SE</subfield>
    <subfield code="a">BNPHU</subfield>
    <subfield code="b">BNPHU</subfield>
    <subfield code="d">2025-11-12</subfield>
    <subfield code="h">A&#xF1;o 2, No. 95, junio, 1983	</subfield>
    <subfield code="l">0</subfield>
    <subfield code="p">2025-13030</subfield>
    <subfield code="r">2025-11-12</subfield>
    <subfield code="t">e.1</subfield>
    <subfield code="w">2025-11-12</subfield>
    <subfield code="y">ISSUE</subfield>
    <subfield code="z">El &#xFA;ltimo cuento de Gabriel Garcia M&#xE1;rquez.</subfield>
  </datafield>
  <datafield tag="952" ind1=" " ind2=" ">
    <subfield code="0">0</subfield>
    <subfield code="1">0</subfield>
    <subfield code="2">ddc</subfield>
    <subfield code="4">0</subfield>
    <subfield code="5">6</subfield>
    <subfield code="7">0</subfield>
    <subfield code="8">SE</subfield>
    <subfield code="a">BNPHU</subfield>
    <subfield code="b">BNPHU</subfield>
    <subfield code="d">2025-11-12</subfield>
    <subfield code="h">A&#xF1;o 2, No. 96, junio, 1983	</subfield>
    <subfield code="l">0</subfield>
    <subfield code="p">2025-13031</subfield>
    <subfield code="r">2025-11-12</subfield>
    <subfield code="t">e.1</subfield>
    <subfield code="w">2025-11-12</subfield>
    <subfield code="y">ISSUE</subfield>
    <subfield code="z">Arte Dominicano: Caricaturas de mercader.</subfield>
  </datafield>
  <datafield tag="952" ind1=" " ind2=" ">
    <subfield code="0">0</subfield>
    <subfield code="1">0</subfield>
    <subfield code="2">ddc</subfield>
    <subfield code="4">0</subfield>
    <subfield code="5">6</subfield>
    <subfield code="7">0</subfield>
    <subfield code="8">SE</subfield>
    <subfield code="a">BNPHU</subfield>
    <subfield code="b">BNPHU</subfield>
    <subfield code="d">2025-11-12</subfield>
    <subfield code="h">A&#xF1;o 2, No. 97, junio, 1983</subfield>
    <subfield code="l">0</subfield>
    <subfield code="p">2025-13032</subfield>
    <subfield code="r">2025-11-12</subfield>
    <subfield code="t">e.1</subfield>
    <subfield code="w">2025-11-12</subfield>
    <subfield code="y">ISSUE</subfield>
    <subfield code="z">Exposici&#xF3;n de arte sacro.</subfield>
  </datafield>
  <datafield tag="952" ind1=" " ind2=" ">
    <subfield code="0">0</subfield>
    <subfield code="1">0</subfield>
    <subfield code="2">ddc</subfield>
    <subfield code="4">0</subfield>
    <subfield code="5">6</subfield>
    <subfield code="7">0</subfield>
    <subfield code="8">SE</subfield>
    <subfield code="a">BNPHU</subfield>
    <subfield code="b">BNPHU</subfield>
    <subfield code="d">2025-11-12</subfield>
    <subfield code="h">A&#xF1;o 2, No. 98, julio, 1983</subfield>
    <subfield code="l">0</subfield>
    <subfield code="p">2025-13033</subfield>
    <subfield code="r">2025-11-12</subfield>
    <subfield code="t">e.1</subfield>
    <subfield code="w">2025-11-12</subfield>
    <subfield code="y">ISSUE</subfield>
    <subfield code="z">Suplemento Hoy.</subfield>
  </datafield>
  <datafield tag="952" ind1=" " ind2=" ">
    <subfield code="0">0</subfield>
    <subfield code="1">0</subfield>
    <subfield code="2">ddc</subfield>
    <subfield code="4">0</subfield>
    <subfield code="5">6</subfield>
    <subfield code="7">0</subfield>
    <subfield code="8">SE</subfield>
    <subfield code="a">BNPHU</subfield>
    <subfield code="b">BNPHU</subfield>
    <subfield code="d">2025-11-12</subfield>
    <subfield code="h">A&#xF1;o 2, No. 99, julio, 1983	</subfield>
    <subfield code="l">0</subfield>
    <subfield code="p">2025-13034</subfield>
    <subfield code="r">2025-11-12</subfield>
    <subfield code="t">e.1</subfield>
    <subfield code="w">2025-11-12</subfield>
    <subfield code="y">ISSUE</subfield>
    <subfield code="z">Suplemento Hoy.</subfield>
  </datafield>
  <datafield tag="952" ind1=" " ind2=" ">
    <subfield code="0">0</subfield>
    <subfield code="1">0</subfield>
    <subfield code="2">ddc</subfield>
    <subfield code="4">0</subfield>
    <subfield code="5">6</subfield>
    <subfield code="7">0</subfield>
    <subfield code="8">SE</subfield>
    <subfield code="a">BNPHU</subfield>
    <subfield code="b">BNPHU</subfield>
    <subfield code="d">2025-11-12</subfield>
    <subfield code="h">A&#xF1;o 2, No. 100, julio, 1983	</subfield>
    <subfield code="l">0</subfield>
    <subfield code="p">2025-13035</subfield>
    <subfield code="r">2025-11-12</subfield>
    <subfield code="t">e.1</subfield>
    <subfield code="w">2025-11-12</subfield>
    <subfield code="y">ISSUE</subfield>
    <subfield code="z">Suplemento Hoy.</subfield>
  </datafield>
  <datafield tag="952" ind1=" " ind2=" ">
    <subfield code="0">0</subfield>
    <subfield code="1">0</subfield>
    <subfield code="2">ddc</subfield>
    <subfield code="4">0</subfield>
    <subfield code="5">6</subfield>
    <subfield code="7">0</subfield>
    <subfield code="8">SE</subfield>
    <subfield code="a">BNPHU</subfield>
    <subfield code="b">BNPHU</subfield>
    <subfield code="d">2025-11-12</subfield>
    <subfield code="h">A&#xF1;o 2, No. 101, julio, 1983</subfield>
    <subfield code="l">0</subfield>
    <subfield code="p">2025-13036</subfield>
    <subfield code="r">2025-11-12</subfield>
    <subfield code="t">e.1</subfield>
    <subfield code="w">2025-11-12</subfield>
    <subfield code="y">ISSUE</subfield>
    <subfield code="z">Arte Dominicano: Muestra de Melchor Terrero.</subfield>
  </datafield>
  <datafield tag="952" ind1=" " ind2=" ">
    <subfield code="0">0</subfield>
    <subfield code="1">0</subfield>
    <subfield code="2">ddc</subfield>
    <subfield code="4">0</subfield>
    <subfield code="5">6</subfield>
    <subfield code="7">0</subfield>
    <subfield code="8">SE</subfield>
    <subfield code="a">BNPHU</subfield>
    <subfield code="b">BNPHU</subfield>
    <subfield code="d">2025-11-12</subfield>
    <subfield code="h">A&#xF1;o 2, No. 102, julio, 1983	</subfield>
    <subfield code="l">0</subfield>
    <subfield code="p">2025-13037</subfield>
    <subfield code="r">2025-11-12</subfield>
    <subfield code="t">e.1</subfield>
    <subfield code="w">2025-11-12</subfield>
    <subfield code="y">ISSUE</subfield>
    <subfield code="z">Homenaje a Sim&#xF3;n Bolivar.</subfield>
  </datafield>
  <datafield tag="952" ind1=" " ind2=" ">
    <subfield code="0">0</subfield>
    <subfield code="1">0</subfield>
    <subfield code="2">ddc</subfield>
    <subfield code="4">0</subfield>
    <subfield code="5">6</subfield>
    <subfield code="7">0</subfield>
    <subfield code="8">SE</subfield>
    <subfield code="a">BNPHU</subfield>
    <subfield code="b">BNPHU</subfield>
    <subfield code="d">2025-11-12</subfield>
    <subfield code="h">A&#xF1;o 2, No. 103, agosto, 1983</subfield>
    <subfield code="l">0</subfield>
    <subfield code="p">2025-13038</subfield>
    <subfield code="r">2025-11-12</subfield>
    <subfield code="t">e.1</subfield>
    <subfield code="w">2025-11-12</subfield>
    <subfield code="y">ISSUE</subfield>
    <subfield code="z">Arte Dominicano: Muestra de Ciprian Ramirez.</subfield>
  </datafield>
  <datafield tag="952" ind1=" " ind2=" ">
    <subfield code="0">0</subfield>
    <subfield code="1">0</subfield>
    <subfield code="2">ddc</subfield>
    <subfield code="4">0</subfield>
    <subfield code="5">6</subfield>
    <subfield code="7">0</subfield>
    <subfield code="8">SE</subfield>
    <subfield code="a">BNPHU</subfield>
    <subfield code="b">BNPHU</subfield>
    <subfield code="c">RE</subfield>
    <subfield code="d">2026-06-02</subfield>
    <subfield code="h">	A&#xF1;o 2, No. 102, julio, 1983</subfield>
    <subfield code="l">0</subfield>
    <subfield code="p">2026-4769</subfield>
    <subfield code="r">2026-06-02</subfield>
    <subfield code="t">e.2</subfield>
    <subfield code="w">2026-06-02</subfield>
    <subfield code="y">ISSUE</subfield>
    <subfield code="z">Disponible para consulta en Hemeroteca.</subfield>
  </datafield>
  <datafield tag="952" ind1=" " ind2=" ">
    <subfield code="0">0</subfield>
    <subfield code="1">0</subfield>
    <subfield code="2">ddc</subfield>
    <subfield code="4">0</subfield>
    <subfield code="5">6</subfield>
    <subfield code="7">0</subfield>
    <subfield code="8">SE</subfield>
    <subfield code="a">BNPHU</subfield>
    <subfield code="b">BNPHU</subfield>
    <subfield code="c">RE</subfield>
    <subfield code="d">2026-06-02</subfield>
    <subfield code="h">	A&#xF1;o 2, No. 70, diciembre, 1982</subfield>
    <subfield code="l">0</subfield>
    <subfield code="p">2026-4770</subfield>
    <subfield code="r">2026-06-02</subfield>
    <subfield code="t">e.2</subfield>
    <subfield code="w">2026-06-02</subfield>
    <subfield code="y">ISSUE</subfield>
    <subfield code="z">Disponible para consulta en Hemeroteca.</subfield>
  </datafield>
  <datafield tag="952" ind1=" " ind2=" ">
    <subfield code="0">0</subfield>
    <subfield code="1">0</subfield>
    <subfield code="2">ddc</subfield>
    <subfield code="4">0</subfield>
    <subfield code="5">6</subfield>
    <subfield code="7">0</subfield>
    <subfield code="8">SE</subfield>
    <subfield code="a">BNPHU</subfield>
    <subfield code="b">BNPHU</subfield>
    <subfield code="c">RE</subfield>
    <subfield code="d">2026-06-02</subfield>
    <subfield code="h">    A&#xF1;o 2, No. 68, diciembre, 1982</subfield>
    <subfield code="l">0</subfield>
    <subfield code="p">2026-4771</subfield>
    <subfield code="r">2026-06-02</subfield>
    <subfield code="t">e.2</subfield>
    <subfield code="w">2026-06-02</subfield>
    <subfield code="y">ISSUE</subfield>
    <subfield code="z">Disponible para consulta en Hemeroteca.</subfield>
  </datafield>
  <datafield tag="952" ind1=" " ind2=" ">
    <subfield code="0">0</subfield>
    <subfield code="1">0</subfield>
    <subfield code="2">ddc</subfield>
    <subfield code="4">0</subfield>
    <subfield code="5">6</subfield>
    <subfield code="7">0</subfield>
    <subfield code="8">SE</subfield>
    <subfield code="a">BNPHU</subfield>
    <subfield code="b">BNPHU</subfield>
    <subfield code="c">RE</subfield>
    <subfield code="d">2026-06-02</subfield>
    <subfield code="h">A&#xF1;o 2, No. 67, noviembre, 1982</subfield>
    <subfield code="l">0</subfield>
    <subfield code="p">2026-4772</subfield>
    <subfield code="r">2026-06-02</subfield>
    <subfield code="t">e.2</subfield>
    <subfield code="w">2026-06-02</subfield>
    <subfield code="y">ISSUE</subfield>
    <subfield code="z">Disponible para consulta en Hemeroteca.</subfield>
  </datafield>
  <datafield tag="952" ind1=" " ind2=" ">
    <subfield code="0">0</subfield>
    <subfield code="1">0</subfield>
    <subfield code="2">ddc</subfield>
    <subfield code="4">0</subfield>
    <subfield code="5">6</subfield>
    <subfield code="7">0</subfield>
    <subfield code="8">SE</subfield>
    <subfield code="a">BNPHU</subfield>
    <subfield code="b">BNPHU</subfield>
    <subfield code="c">RE</subfield>
    <subfield code="d">2026-06-02</subfield>
    <subfield code="h">A&#xF1;o 2, No. 66, noviembre, 1982</subfield>
    <subfield code="l">0</subfield>
    <subfield code="p">2026-4773</subfield>
    <subfield code="r">2026-06-02</subfield>
    <subfield code="t">e.2</subfield>
    <subfield code="w">2026-06-02</subfield>
    <subfield code="y">ISSUE</subfield>
    <subfield code="z">Disponible para consulta en Hemeroteca.</subfield>
  </datafield>
  <datafield tag="952" ind1=" " ind2=" ">
    <subfield code="0">0</subfield>
    <subfield code="1">0</subfield>
    <subfield code="2">ddc</subfield>
    <subfield code="4">0</subfield>
    <subfield code="5">6</subfield>
    <subfield code="7">0</subfield>
    <subfield code="8">SE</subfield>
    <subfield code="a">BNPHU</subfield>
    <subfield code="b">BNPHU</subfield>
    <subfield code="c">RE</subfield>
    <subfield code="d">2026-06-02</subfield>
    <subfield code="h">A&#xF1;o 2, No. 65, noviembre, 1982</subfield>
    <subfield code="l">0</subfield>
    <subfield code="p">2026-4774</subfield>
    <subfield code="r">2026-06-02</subfield>
    <subfield code="t">e.2</subfield>
    <subfield code="w">2026-06-02</subfield>
    <subfield code="y">ISSUE</subfield>
    <subfield code="z">Disponible para consulta en Hemeroteca.</subfield>
  </datafield>
  <datafield tag="952" ind1=" " ind2=" ">
    <subfield code="0">0</subfield>
    <subfield code="1">0</subfield>
    <subfield code="2">ddc</subfield>
    <subfield code="4">0</subfield>
    <subfield code="5">6</subfield>
    <subfield code="7">0</subfield>
    <subfield code="8">SE</subfield>
    <subfield code="a">BNPHU</subfield>
    <subfield code="b">BNPHU</subfield>
    <subfield code="c">RE</subfield>
    <subfield code="d">2026-06-02</subfield>
    <subfield code="h">A&#xF1;o 2, No. 64, noviembre, 1982</subfield>
    <subfield code="l">0</subfield>
    <subfield code="p">2026-4775</subfield>
    <subfield code="r">2026-06-02</subfield>
    <subfield code="t">e.2</subfield>
    <subfield code="w">2026-06-02</subfield>
    <subfield code="y">ISSUE</subfield>
    <subfield code="z">Disponible para consulta en Hemeroteca.</subfield>
  </datafield>
  <datafield tag="952" ind1=" " ind2=" ">
    <subfield code="0">0</subfield>
    <subfield code="1">0</subfield>
    <subfield code="2">ddc</subfield>
    <subfield code="4">0</subfield>
    <subfield code="5">6</subfield>
    <subfield code="7">0</subfield>
    <subfield code="8">SE</subfield>
    <subfield code="a">BNPHU</subfield>
    <subfield code="b">BNPHU</subfield>
    <subfield code="c">RE</subfield>
    <subfield code="d">2026-06-02</subfield>
    <subfield code="h">A&#xF1;o 2, No. 63, octubre, 1982</subfield>
    <subfield code="l">0</subfield>
    <subfield code="p">2026-4776</subfield>
    <subfield code="r">2026-06-02</subfield>
    <subfield code="t">e.2</subfield>
    <subfield code="w">2026-06-02</subfield>
    <subfield code="y">ISSUE</subfield>
    <subfield code="z">Disponible para consulta en Hemeroteca.</subfield>
  </datafield>
  <datafield tag="952" ind1=" " ind2=" ">
    <subfield code="0">0</subfield>
    <subfield code="1">0</subfield>
    <subfield code="2">ddc</subfield>
    <subfield code="4">0</subfield>
    <subfield code="5">6</subfield>
    <subfield code="7">0</subfield>
    <subfield code="8">SE</subfield>
    <subfield code="a">BNPHU</subfield>
    <subfield code="b">BNPHU</subfield>
    <subfield code="c">RE</subfield>
    <subfield code="d">2026-06-02</subfield>
    <subfield code="h">  A&#xF1;o 1, No. 20, enero, 1982</subfield>
    <subfield code="l">0</subfield>
    <subfield code="p">2026-4777</subfield>
    <subfield code="r">2026-06-02</subfield>
    <subfield code="t">e.2</subfield>
    <subfield code="w">2026-06-02</subfield>
    <subfield code="y">ISSUE</subfield>
    <subfield code="z">Disponible para consulta en Hemeroteca.</subfield>
  </datafield>
  <datafield tag="952" ind1=" " ind2=" ">
    <subfield code="0">0</subfield>
    <subfield code="1">0</subfield>
    <subfield code="2">ddc</subfield>
    <subfield code="4">0</subfield>
    <subfield code="5">6</subfield>
    <subfield code="7">0</subfield>
    <subfield code="8">SE</subfield>
    <subfield code="a">BNPHU</subfield>
    <subfield code="b">BNPHU</subfield>
    <subfield code="c">RE</subfield>
    <subfield code="d">2026-06-02</subfield>
    <subfield code="h">   A&#xF1;o 1, No. 13, noviembre, 1981</subfield>
    <subfield code="l">0</subfield>
    <subfield code="p">2026-4778</subfield>
    <subfield code="r">2026-06-02</subfield>
    <subfield code="t">e.2</subfield>
    <subfield code="w">2026-06-02</subfield>
    <subfield code="y">ISSUE</subfield>
    <subfield code="z">Disponible para consulta en Hemeroteca.</subfield>
  </datafield>
  <datafield tag="952" ind1=" " ind2=" ">
    <subfield code="0">0</subfield>
    <subfield code="1">0</subfield>
    <subfield code="2">ddc</subfield>
    <subfield code="4">0</subfield>
    <subfield code="5">6</subfield>
    <subfield code="7">0</subfield>
    <subfield code="8">SE</subfield>
    <subfield code="a">BNPHU</subfield>
    <subfield code="b">BNPHU</subfield>
    <subfield code="c">RE</subfield>
    <subfield code="d">2026-06-02</subfield>
    <subfield code="h">   A&#xF1;o 1, No. 10, octubre, 1981</subfield>
    <subfield code="l">0</subfield>
    <subfield code="p">2026-4779</subfield>
    <subfield code="r">2026-06-02</subfield>
    <subfield code="t">e.2</subfield>
    <subfield code="w">2026-06-02</subfield>
    <subfield code="y">ISSUE</subfield>
    <subfield code="z">Disponible para consulta en Hemeroteca.</subfield>
  </datafield>
  <datafield tag="952" ind1=" " ind2=" ">
    <subfield code="0">0</subfield>
    <subfield code="1">0</subfield>
    <subfield code="2">ddc</subfield>
    <subfield code="4">0</subfield>
    <subfield code="5">6</subfield>
    <subfield code="7">0</subfield>
    <subfield code="8">SE</subfield>
    <subfield code="a">BNPHU</subfield>
    <subfield code="b">BNPHU</subfield>
    <subfield code="c">RE</subfield>
    <subfield code="d">2026-06-02</subfield>
    <subfield code="h">   A&#xF1;o 1, No. 9, octubre, 1981</subfield>
    <subfield code="l">0</subfield>
    <subfield code="p">2026-4780</subfield>
    <subfield code="r">2026-06-02</subfield>
    <subfield code="t">e.2</subfield>
    <subfield code="w">2026-06-02</subfield>
    <subfield code="y">ISSUE</subfield>
    <subfield code="z">Disponible para consulta en Hemeroteca.</subfield>
  </datafield>
  <datafield tag="952" ind1=" " ind2=" ">
    <subfield code="0">0</subfield>
    <subfield code="1">0</subfield>
    <subfield code="2">ddc</subfield>
    <subfield code="4">0</subfield>
    <subfield code="5">6</subfield>
    <subfield code="7">0</subfield>
    <subfield code="8">SE</subfield>
    <subfield code="a">BNPHU</subfield>
    <subfield code="b">BNPHU</subfield>
    <subfield code="c">RE</subfield>
    <subfield code="d">2026-06-02</subfield>
    <subfield code="h">   A&#xF1;o 1, No. 8, octubre, 1981</subfield>
    <subfield code="l">0</subfield>
    <subfield code="p">2026-4781</subfield>
    <subfield code="r">2026-06-02</subfield>
    <subfield code="t">e.2</subfield>
    <subfield code="w">2026-06-02</subfield>
    <subfield code="y">ISSUE</subfield>
    <subfield code="z">Disponible para consulta en Hemeroteca.</subfield>
  </datafield>
  <datafield tag="952" ind1=" " ind2=" ">
    <subfield code="0">0</subfield>
    <subfield code="1">0</subfield>
    <subfield code="2">ddc</subfield>
    <subfield code="4">0</subfield>
    <subfield code="5">6</subfield>
    <subfield code="7">0</subfield>
    <subfield code="8">SE</subfield>
    <subfield code="a">BNPHU</subfield>
    <subfield code="b">BNPHU</subfield>
    <subfield code="c">RE</subfield>
    <subfield code="d">2026-06-02</subfield>
    <subfield code="h">   A&#xF1;o 1, No. 7, octubre, 1981</subfield>
    <subfield code="l">0</subfield>
    <subfield code="p">2026-4782</subfield>
    <subfield code="r">2026-06-02</subfield>
    <subfield code="t">e.2</subfield>
    <subfield code="w">2026-06-02</subfield>
    <subfield code="y">ISSUE</subfield>
    <subfield code="z">Disponible para consulta en Hemeroteca.</subfield>
  </datafield>
  <datafield tag="952" ind1=" " ind2=" ">
    <subfield code="0">0</subfield>
    <subfield code="1">0</subfield>
    <subfield code="2">ddc</subfield>
    <subfield code="4">0</subfield>
    <subfield code="5">6</subfield>
    <subfield code="7">0</subfield>
    <subfield code="8">SE</subfield>
    <subfield code="a">BNPHU</subfield>
    <subfield code="b">BNPHU</subfield>
    <subfield code="c">RE</subfield>
    <subfield code="d">2026-06-02</subfield>
    <subfield code="h">   A&#xF1;o 1, No. 6, septiembre, 1981</subfield>
    <subfield code="l">0</subfield>
    <subfield code="p">2026-4783</subfield>
    <subfield code="r">2026-06-02</subfield>
    <subfield code="t">e.2</subfield>
    <subfield code="w">2026-06-02</subfield>
    <subfield code="y">ISSUE</subfield>
    <subfield code="z">Disponible para consulta en Hemeroteca.</subfield>
  </datafield>
  <datafield tag="952" ind1=" " ind2=" ">
    <subfield code="0">0</subfield>
    <subfield code="1">0</subfield>
    <subfield code="2">ddc</subfield>
    <subfield code="4">0</subfield>
    <subfield code="5">6</subfield>
    <subfield code="7">0</subfield>
    <subfield code="8">SE</subfield>
    <subfield code="a">BNPHU</subfield>
    <subfield code="b">BNPHU</subfield>
    <subfield code="c">RE</subfield>
    <subfield code="d">2026-06-02</subfield>
    <subfield code="h">   A&#xF1;o 1, No. 51, agosto, 1981</subfield>
    <subfield code="l">0</subfield>
    <subfield code="p">2026-4784</subfield>
    <subfield code="r">2026-06-02</subfield>
    <subfield code="t">e.2</subfield>
    <subfield code="w">2026-06-02</subfield>
    <subfield code="y">ISSUE</subfield>
    <subfield code="z">Disponible para consulta en Hemeroteca.</subfield>
  </datafield>
  <datafield tag="952" ind1=" " ind2=" ">
    <subfield code="0">0</subfield>
    <subfield code="1">0</subfield>
    <subfield code="2">ddc</subfield>
    <subfield code="4">0</subfield>
    <subfield code="5">6</subfield>
    <subfield code="7">0</subfield>
    <subfield code="8">SE</subfield>
    <subfield code="a">BNPHU</subfield>
    <subfield code="b">BNPHU</subfield>
    <subfield code="c">RE</subfield>
    <subfield code="d">2026-06-02</subfield>
    <subfield code="h">   A&#xF1;o 1, No. 51, mayo, 1981</subfield>
    <subfield code="l">0</subfield>
    <subfield code="p">2026-4785</subfield>
    <subfield code="r">2026-06-02</subfield>
    <subfield code="t">e.2</subfield>
    <subfield code="w">2026-06-02</subfield>
    <subfield code="y">ISSUE</subfield>
    <subfield code="z">Disponible para consulta en Hemeroteca.</subfield>
  </datafield>
  <datafield tag="952" ind1=" " ind2=" ">
    <subfield code="0">0</subfield>
    <subfield code="1">0</subfield>
    <subfield code="2">ddc</subfield>
    <subfield code="4">0</subfield>
    <subfield code="5">6</subfield>
    <subfield code="7">0</subfield>
    <subfield code="8">SE</subfield>
    <subfield code="a">BNPHU</subfield>
    <subfield code="b">BNPHU</subfield>
    <subfield code="c">RE</subfield>
    <subfield code="d">2026-06-02</subfield>
    <subfield code="h">   A&#xF1;o 3, No. 109, septiembre, 1983</subfield>
    <subfield code="l">0</subfield>
    <subfield code="p">2026-4786</subfield>
    <subfield code="r">2026-06-02</subfield>
    <subfield code="t">e.1</subfield>
    <subfield code="w">2026-06-02</subfield>
    <subfield code="y">ISSUE</subfield>
    <subfield code="z">Disponible para consulta en Hemeroteca.</subfield>
  </datafield>
  <datafield tag="952" ind1=" " ind2=" ">
    <subfield code="0">0</subfield>
    <subfield code="1">0</subfield>
    <subfield code="2">ddc</subfield>
    <subfield code="4">0</subfield>
    <subfield code="5">6</subfield>
    <subfield code="7">0</subfield>
    <subfield code="8">SE</subfield>
    <subfield code="a">BNPHU</subfield>
    <subfield code="b">BNPHU</subfield>
    <subfield code="c">RE</subfield>
    <subfield code="d">2026-06-02</subfield>
    <subfield code="h">   A&#xF1;o 3, No. 112, octubre, 1983</subfield>
    <subfield code="l">0</subfield>
    <subfield code="p">2026-4787</subfield>
    <subfield code="r">2026-06-02</subfield>
    <subfield code="t">e.1</subfield>
    <subfield code="w">2026-06-02</subfield>
    <subfield code="y">ISSUE</subfield>
    <subfield code="z">Disponible para consulta en Hemeroteca.</subfield>
  </datafield>
  <datafield tag="952" ind1=" " ind2=" ">
    <subfield code="0">0</subfield>
    <subfield code="1">0</subfield>
    <subfield code="2">ddc</subfield>
    <subfield code="4">0</subfield>
    <subfield code="5">6</subfield>
    <subfield code="7">0</subfield>
    <subfield code="8">SE</subfield>
    <subfield code="a">BNPHU</subfield>
    <subfield code="b">BNPHU</subfield>
    <subfield code="c">RE</subfield>
    <subfield code="d">2026-06-02</subfield>
    <subfield code="h">   A&#xF1;o 3, No. 122, diciembre, 1983</subfield>
    <subfield code="l">0</subfield>
    <subfield code="p">2026-4788</subfield>
    <subfield code="r">2026-06-02</subfield>
    <subfield code="t">e.1</subfield>
    <subfield code="w">2026-06-02</subfield>
    <subfield code="y">ISSUE</subfield>
    <subfield code="z">Disponible para consulta en Hemeroteca.</subfield>
  </datafield>
  <datafield tag="952" ind1=" " ind2=" ">
    <subfield code="0">0</subfield>
    <subfield code="1">0</subfield>
    <subfield code="2">ddc</subfield>
    <subfield code="4">0</subfield>
    <subfield code="5">6</subfield>
    <subfield code="7">0</subfield>
    <subfield code="8">SE</subfield>
    <subfield code="a">BNPHU</subfield>
    <subfield code="b">BNPHU</subfield>
    <subfield code="c">RE</subfield>
    <subfield code="d">2026-06-02</subfield>
    <subfield code="h">   A&#xF1;o 3, No. 118, noviembre, 1983</subfield>
    <subfield code="l">0</subfield>
    <subfield code="p">2026-4789</subfield>
    <subfield code="r">2026-06-02</subfield>
    <subfield code="t">e.1</subfield>
    <subfield code="w">2026-06-02</subfield>
    <subfield code="y">ISSUE</subfield>
    <subfield code="z">Disponible para consulta en Hemeroteca.</subfield>
  </datafield>
  <datafield tag="952" ind1=" " ind2=" ">
    <subfield code="0">0</subfield>
    <subfield code="1">0</subfield>
    <subfield code="2">ddc</subfield>
    <subfield code="4">0</subfield>
    <subfield code="5">6</subfield>
    <subfield code="7">0</subfield>
    <subfield code="8">SE</subfield>
    <subfield code="a">BNPHU</subfield>
    <subfield code="b">BNPHU</subfield>
    <subfield code="c">RE</subfield>
    <subfield code="d">2026-06-02</subfield>
    <subfield code="h">   A&#xF1;o 3, No. 124, diciembre, 1983</subfield>
    <subfield code="l">0</subfield>
    <subfield code="p">2026-4790</subfield>
    <subfield code="r">2026-06-02</subfield>
    <subfield code="t">e.1</subfield>
    <subfield code="w">2026-06-02</subfield>
    <subfield code="y">ISSUE</subfield>
    <subfield code="z">Disponible para consulta en Hemeroteca.</subfield>
  </datafield>
  <datafield tag="999" ind1=" " ind2=" ">
    <subfield code="c">60026</subfield>
    <subfield code="d">60026</subfield>
  </datafield>
</record>
